ALL March Madness Teams - Statistics

General Stats
  • This quiz has been taken 518 times
    6 since last reset
  • The average score is 2198 of 3762
Answer Stats
Year Final Position Team % Correct
1955 First Round Duke
100%
1960 Elite Eight Duke
100%
1963 Third Duke
100%
1964 Runner-Up Duke
100%
1966 Third Duke
100%
1978 Runner-Up Duke
100%
1979 Round of 32 Duke
100%
1980 Elite Eight Duke
100%
1984 Round of 32 Duke
100%
1985 Round of 32 Duke
100%
1986 Second Duke
100%
1987 Sweet Sixteen Duke
100%
1988 National Semifinals Duke
100%
1989 National Semifinals Duke
100%
1990 Second Duke
100%
1991 First Duke
100%
1992 First Duke
100%
1993 Round of 32 Duke
100%
1994 Second Duke
100%
1996 Round of 64 Duke
100%
1997 Round of 32 Duke
100%
1998 Elite Eight Duke
100%
1999 Second Duke
100%
2000 Sweet Sixteen Duke
100%
2001 First Duke
100%
2002 Sweet Sixteen Duke
100%
2003 Sweet Sixteen Duke
100%
2004 National Semifinals Duke
100%
2005 Sweet Sixteen Duke
100%
2006 Sweet Sixteen Duke
100%
2007 Round of 64 Duke
100%
2008 Round of 32 Duke
100%
2009 Sweet Sixteen Duke
100%
2010 First Duke
100%
2011 Sweet Sixteen Duke
100%
2012 Round of 64 Duke
100%
2013 Elite Eight Duke
100%
2014 Round of 64 Duke
100%
2015 First Duke
100%
2016 Sweet Sixteen Duke
100%
2017 Round of 32 Duke
100%
2018 Elite Eight Duke
100%
2019 Elite Eight Duke
100%
2022 National Semifinals Duke
100%
2023 Round of 32 Duke
100%
2024 Elite Eight Duke
100%
2025 National Semifinals Duke
100%
2026 Elite Eight Duke
100%
1942 Seimifinals Kentucky
100%
1945 Semifinals Kentucky
100%
1948 First Kentucky
100%
1949 First Kentucky
100%
1951 First Kentucky
100%
1952 Semifinals Kentucky
100%
1955 Sweet Sixteen Kentucky
100%
1956 Elite Eight Kentucky
100%
1957 Elite Eight Kentucky
100%
1958 First Kentucky
100%
1959 Sweet Sixteen Kentucky
100%
1961 Elite Eight Kentucky
100%
1962 Elite Eight Kentucky
100%
1964 Sweet Sixteen Kentucky
100%
1966 Runner-Up Kentucky
100%
1968 Elite Eight Kentucky
100%
1969 Sweet Sixteen Kentucky
100%
1970 Elite Eight Kentucky
100%
1972 Elite Eight Kentucky
100%
1973 Elite Eight Kentucky
100%
1975 Runner-Up Kentucky
100%
1977 Elite Eight Kentucky
100%
1978 First Kentucky
100%
1980 Sweet Sixteen Kentucky
100%
1981 Round of 32 Kentucky
100%
1982 Round of 64 Kentucky
100%
1983 Elite Eight Kentucky
100%
1984 National Semifinals Kentucky
100%
1985 Sweet Sixteen Kentucky
100%
1986 Elite Eight Kentucky
100%
1987 Round of 64 Kentucky
100%
1988 Sweet Sixteen Kentucky
100%
1992 Elite Eight Kentucky
100%
1993 National Semifinals Kentucky
100%
1994 Round of 32 Kentucky
100%
1995 Elite Eight Kentucky
100%
1996 First Kentucky
100%
1997 Second Kentucky
100%
1998 First Kentucky
100%
1999 Elite Eight Kentucky
100%
2000 Round of 32 Kentucky
100%
2001 Sweet Sixteen Kentucky
100%
2002 Sweet Sixteen Kentucky
100%
2003 Elite Eight Kentucky
100%
2004 Round of 32 Kentucky
100%
2005 Elite Eight Kentucky
100%
2006 Round of 32 Kentucky
100%
2007 Round of 32 Kentucky
100%
2008 Round of 64 Kentucky
100%
2010 Elite Eight Kentucky
100%
2011 National Semifinals Kentucky
100%
2012 First Kentucky
100%
2014 Second Kentucky
100%
2015 National Semifinals Kentucky
100%
2016 Round of 32 Kentucky
100%
2017 Elite Eight Kentucky
100%
2018 Sweet Sixteen Kentucky
100%
2019 Elite Eight Kentucky
100%
2022 Round of 64 Kentucky
100%
2023 Round of 32 Kentucky
100%
2024 Round of 64 Kentucky
100%
2025 Sweet Sixteen Kentucky
100%
2026 Round of 32 Kentucky
100%
1960 Sweet Sixteen Ohio
100%
1961 First Round Ohio
100%
1964 Elite Eight Ohio
100%
1965 First Round Ohio
100%
1970 First Round Ohio
100%
1972 First Round Ohio
100%
1974 First Round Ohio
100%
1983 Round of 32 Ohio
100%
1985 Round of 64 Ohio
100%
1994 Round of 64 Ohio
100%
2005 Round of 64 Ohio
100%
2010 Round of 32 Ohio
100%
2012 Sweet Sixteen Ohio
100%
2021 Round of 32 Ohio
100%
1985 Round of 64 Southern
100%
1943 Semifinals Washington
100%
1948 Semifinals Washington
100%
1951 Semifinals Washington
100%
1953 Third Washington
100%
1976 Round of 32 Washington
100%
1984 Sweet Sixteen Washington
100%
1985 Round of 64 Washington
100%
1986 Round of 64 Washington
100%
1998 Sweet Sixteen Washington
100%
1999 Round of 64 Washington
100%
2004 Round of 64 Washington
100%
2005 Sweet Sixteen Washington
100%
2006 Sweet Sixteen Washington
100%
2009 Round of 32 Washington
100%
2010 Sweet Sixteen Washington
100%
2011 Round of 32 Washington
100%
2019 Round of 32 Washington
100%
1986 Round of 64 Akron
75%
2009 Round of 64 Akron
75%
2011 Round of 64 Akron
75%
2013 Round of 64 Akron
75%
2022 Round of 64 Akron
75%
2024 Round of 64 Akron
75%
2025 Round of 64 Akron
75%
2026 Round of 64 Akron
75%
1975 Round of 32 Alabama
75%
1976 Sweet Sixteen Alabama
75%
1982 Sweet Sixteen Alabama
75%
1983 Round of 64 Alabama
75%
1984 Round of 64 Alabama
75%
1985 Sweet Sixteen Alabama
75%
1986 Sweet Sixteen Alabama
75%
1987 Sweet Sixteen Alabama
75%
1989 Round of 64 Alabama
75%
1990 Sweet Sixteen Alabama
75%
1991 Sweet Sixteen Alabama
75%
1992 Round of 32 Alabama
75%
1994 Round of 32 Alabama
75%
1995 Round of 32 Alabama
75%
2002 Round of 32 Alabama
75%
2003 Round of 64 Alabama
75%
2004 Elite Eight Alabama
75%
2005 Round of 64 Alabama
75%
2006 Round of 32 Alabama
75%
2012 Round of 64 Alabama
75%
2018 Round of 32 Alabama
75%
2021 Sweet Sixteen Alabama
75%
2022 Round of 64 Alabama
75%
2023 Sweet Sixteen Alabama
75%
2024 National Semifinals Alabama
75%
2025 Elite Eight Alabama
75%
2026 Sweet Sixteen Alabama
75%
1951 Sweet Sixteen Arizona
75%
1976 Elite Eight Arizona
75%
1976 Sweet Sixteen Arizona
75%
1977 Round of 32 Arizona
75%
1985 Round of 64 Arizona
75%
1986 Round of 64 Arizona
75%
1987 Round of 64 Arizona
75%
1988 National Semifinals Arizona
75%
1989 Sweet Sixteen Arizona
75%
1990 Round of 32 Arizona
75%
1991 Sweet Sixteen Arizona
75%
1992 Round of 64 Arizona
75%
1993 Round of 64 Arizona
75%
1994 National Semifinals Arizona
75%
1995 Round of 64 Arizona
75%
1996 Sweet Sixteen Arizona
75%
1997 First Arizona
75%
1998 Elite Eight Arizona
75%
1999 Round of 64 Arizona
75%
2000 Round of 32 Arizona
75%
2001 Second Arizona
75%
2002 Sweet Sixteen Arizona
75%
2003 Elite Eight Arizona
75%
2004 Round of 64 Arizona
75%
2005 Elite Eight Arizona
75%
2006 Round of 32 Arizona
75%
2007 Round of 64 Arizona
75%
2008 Round of 64 Arizona
75%
2009 Sweet Sixteen Arizona
75%
2011 Elite Eight Arizona
75%
2013 Sweet Sixteen Arizona
75%
2014 Elite Eight Arizona
75%
2015 Elite Eight Arizona
75%
2016 Round of 64 Arizona
75%
2017 Sweet Sixteen Arizona
75%
2018 Round of 64 Arizona
75%
2022 Sweet Sixteen Arizona
75%
2023 Round of 64 Arizona
75%
2024 Sweet Sixteen Arizona
75%
2025 Sweet Sixteen Arizona
75%
2026 National Semifinals Arizona
75%
1958 First Round Arizona State
75%
1961 Elite Eight Arizona State
75%
1962 First Round Arizona State
75%
1963 Elite Eight Arizona State
75%
1964 First Round Arizona State
75%
1973 Sweet Sixteen Arizona State
75%
1975 Elite Eight Arizona State
75%
1980 Round of 32 Arizona State
75%
1981 Round of 32 Arizona State
75%
1991 Round of 32 Arizona State
75%
1995 Sweet Sixteen Arizona State
75%
2003 Round of 32 Arizona State
75%
2009 Round of 32 Arizona State
75%
2014 Round of 64 Arizona State
75%
2018 Round of 64 Arizona State
75%
2019 Round of 64 Arizona State
75%
2023 Round of 64 Arizona State
75%
1941 Final Four Arkansas
75%
1945 Final Four Arkansas
75%
1949 Semifinals Arkansas
75%
1958 Sweet Sixteen Arkansas
75%
1977 Round of 32 Arkansas
75%
1978 Third Arkansas
75%
1979 Elite Eight Arkansas
75%
1980 Round of 64 Arkansas
75%
1981 Sweet Sixteen Arkansas
75%
1982 Round of 32 Arkansas
75%
1983 Sweet Sixteen Arkansas
75%
1984 Round of 32 Arkansas
75%
1985 Round of 32 Arkansas
75%
1988 Round of 64 Arkansas
75%
1989 Round of 32 Arkansas
75%
1990 National Semifinals Arkansas
75%
1991 Elite Eight Arkansas
75%
1992 Round of 32 Arkansas
75%
1993 Sweet Sixteen Arkansas
75%
1994 First Arkansas
75%
1995 Second Arkansas
75%
1996 Sweet Sixteen Arkansas
75%
1998 Round of 32 Arkansas
75%
1999 Round of 32 Arkansas
75%
2000 Round of 64 Arkansas
75%
2001 Round of 64 Arkansas
75%
2006 Round of 64 Arkansas
75%
2007 Round of 64 Arkansas
75%
2008 Round of 32 Arkansas
75%
2015 Round of 32 Arkansas
75%
2017 Round of 32 Arkansas
75%
2018 Round of 64 Arkansas
75%
2021 Elite Eight Arkansas
75%
2022 Elite Eight Arkansas
75%
2023 Sweet Sixteen Arkansas
75%
2025 Sweet Sixteen Arkansas
75%
2026 Sweet Sixteen Arkansas
75%
1986 Round of 32 Arkansas-Little Rock
75%
1989 Round of 64 Arkansas-Little Rock
75%
1990 Round of 64 Arkansas-Little Rock
75%
2011 First Four Arkansas-Little Rock
75%
1984 Round of 64 Auburn
75%
1985 Sweet Sixteen Auburn
75%
1985 Round of 64 Auburn
75%
1986 Elite Eight Auburn
75%
1987 Round of 32 Auburn
75%
1988 Round of 32 Auburn
75%
1999 Sweet Sixteen Auburn
75%
2000 Round of 32 Auburn
75%
2003 Sweet Sixteen Auburn
75%
2018 Round of 32 Auburn
75%
2022 Round of 32 Auburn
75%
2023 Round of 32 Auburn
75%
2023 Round of 64 Auburn
75%
2024 Round of 64 Auburn
75%
2025 National Semifinals Auburn
75%
1946 Semifinals Baylor
75%
1948 Runner-Up Baylor
75%
1950 Fourth Baylor
75%
1988 Round of 64 Baylor
75%
2008 Round of 64 Baylor
75%
2010 Elite Eight Baylor
75%
2012 Elite Eight Baylor
75%
2014 Sweet Sixteen Baylor
75%
2015 Round of 64 Baylor
75%
2016 Round of 64 Baylor
75%
2017 Sweet Sixteen Baylor
75%
2019 Round of 32 Baylor
75%
2021 First Baylor
75%
2022 Round of 32 Baylor
75%
2023 Round of 32 Baylor
75%
2024 Round of 32 Baylor
75%
2025 Round of 32 Baylor
75%
1939 Semifinals Brown
75%
1986 Round of 64 Brown
75%
2015 Round of 64 Buffalo
75%
2016 Round of 64 Buffalo
75%
2018 Round of 32 Buffalo
75%
2019 Round of 32 Buffalo
75%
1962 Sweet Sixteen Butler
75%
1997 Round of 32 Butler
75%
1998 Round of 64 Butler
75%
2000 Round of 64 Butler
75%
2001 Round of 32 Butler
75%
2003 Sweet Sixteen Butler
75%
2003 Round of 64 Butler
75%
2007 Sweet Sixteen Butler
75%
2008 Round of 32 Butler
75%
2009 Round of 64 Butler
75%
2010 Second Butler
75%
2011 Second Butler
75%
2013 Round of 32 Butler
75%
2015 Round of 32 Butler
75%
2016 Round of 32 Butler
75%
2017 Sweet Sixteen Butler
75%
2018 Round of 32 Butler
75%
1958 Sweet Sixteen Cincinnati
75%
1959 Third Cincinnati
75%
1960 Third Cincinnati
75%
1961 First Cincinnati
75%
1962 First Cincinnati
75%
1963 Runner-Up Cincinnati
75%
1966 Sweet Sixteen Cincinnati
75%
1975 Sweet Sixteen Cincinnati
75%
1976 Round of 32 Cincinnati
75%
1977 Round of 32 Cincinnati
75%
1992 National Semifinals Cincinnati
75%
1993 Elite Eight Cincinnati
75%
1994 Round of 64 Cincinnati
75%
1995 Round of 32 Cincinnati
75%
1996 Elite Eight Cincinnati
75%
1997 Round of 32 Cincinnati
75%
1998 Round of 32 Cincinnati
75%
1999 Round of 32 Cincinnati
75%
2000 Round of 32 Cincinnati
75%
2001 Sweet Sixteen Cincinnati
75%
2002 Round of 32 Cincinnati
75%
2003 Round of 64 Cincinnati
75%
2004 Round of 32 Cincinnati
75%
2005 Round of 32 Cincinnati
75%
2011 Round of 32 Cincinnati
75%
2012 Sweet Sixteen Cincinnati
75%
2013 Round of 64 Cincinnati
75%
2014 Round of 64 Cincinnati
75%
2015 Round of 32 Cincinnati
75%
2016 Round of 64 Cincinnati
75%
2017 Round of 32 Cincinnati
75%
2018 Round of 32 Cincinnati
75%
2019 Round of 64 Cincinnati
75%
1940 Semifinals Colorado
75%
1942 Final Four Colorado
75%
1946 Semifinals Colorado
75%
1954 Sweet Sixteen Colorado
75%
1955 Third Colorado
75%
1962 Elite Eight Colorado
75%
1963 Elite Eight Colorado
75%
1969 Elite Eight Colorado
75%
1969 Sweet Sixteen Colorado
75%
1997 Round of 32 Colorado
75%
2003 Round of 64 Colorado
75%
2012 Round of 32 Colorado
75%
2013 Round of 64 Colorado
75%
2014 Round of 64 Colorado
75%
2016 Round of 64 Colorado
75%
2021 Round of 32 Colorado
75%
2024 Round of 32 Colorado
75%
1963 First Round Colorado State
75%
1965 First Round Colorado State
75%
1966 First Round Colorado State
75%
1989 Round of 32 Colorado State
75%
1990 Round of 64 Colorado State
75%
2003 Round of 64 Colorado State
75%
2012 Round of 64 Colorado State
75%
2013 Round of 32 Colorado State
75%
2022 Round of 64 Colorado State
75%
2024 Round of 64 Colorado State
75%
2025 Round of 32 Colorado State
75%
1951 Sweet Sixteen Connecticut
75%
1954 First Round Connecticut
75%
1956 Sweet Sixteen Connecticut
75%
1957 First Round Connecticut
75%
1958 First Round Connecticut
75%
1959 First Round Connecticut
75%
1960 First Round Connecticut
75%
1963 First Round Connecticut
75%
1964 Elite Eight Connecticut
75%
1965 First Round Connecticut
75%
1967 First Round Connecticut
75%
1976 Sweet Sixteen Connecticut
75%
1979 Round of 32 Connecticut
75%
1990 Elite Eight Connecticut
75%
1991 Sweet Sixteen Connecticut
75%
1992 Round of 32 Connecticut
75%
1994 Sweet Sixteen Connecticut
75%
1995 Elite Eight Connecticut
75%
1996 Sweet Sixteen Connecticut
75%
1998 Elite Eight Connecticut
75%
1999 First Connecticut
75%
2000 Round of 32 Connecticut
75%
2002 Elite Eight Connecticut
75%
2003 Sweet Sixteen Connecticut
75%
2004 First Connecticut
75%
2004 Round of 32 Connecticut
75%
2005 Round of 32 Connecticut
75%
2006 Elite Eight Connecticut
75%
2008 Round of 64 Connecticut
75%
2009 National Semifinals Connecticut
75%
2011 First Connecticut
75%
2012 Round of 64 Connecticut
75%
2014 First Connecticut
75%
2016 Round of 32 Connecticut
75%
2021 Round of 64 Connecticut
75%
2022 Round of 64 Connecticut
75%
2023 First Connecticut
75%
2024 First Connecticut
75%
2025 Round of 32 Connecticut
75%
1954 Sweet Sixteen Cornell
75%
2008 Round of 64 Cornell
75%
2009 Round of 64 Cornell
75%
2010 Sweet Sixteen Cornell
75%
1941 Semifinals Creighton
75%
1962 Sweet Sixteen Creighton
75%
1964 Sweet Sixteen Creighton
75%
1974 Elite Eight Creighton
75%
1975 Round of 32 Creighton
75%
1978 Round of 32 Creighton
75%
1981 Round of 64 Creighton
75%
1989 Round of 64 Creighton
75%
1991 Round of 32 Creighton
75%
1999 Round of 32 Creighton
75%
2000 Round of 64 Creighton
75%
2001 Round of 64 Creighton
75%
2002 Round of 32 Creighton
75%
2003 Round of 64 Creighton
75%
2005 Round of 64 Creighton
75%
2007 Round of 64 Creighton
75%
2012 Round of 32 Creighton
75%
2013 Round of 32 Creighton
75%
2014 Round of 32 Creighton
75%
2018 Round of 64 Creighton
75%
2021 Sweet Sixteen Creighton
75%
2022 Round of 32 Creighton
75%
2023 Elite Eight Creighton
75%
2024 Sweet Sixteen Creighton
75%
2025 Round of 32 Creighton
75%
1969 Third Drake
75%
1970 Elite Eight Drake
75%
1971 Elite Eight Drake
75%
2008 Round of 64 Drake
75%
2021 Round of 64 Drake
75%
2023 Round of 64 Drake
75%
2024 Round of 64 Drake
75%
2025 Round of 32 Drake
75%
1987 Sweet Sixteen Florida
75%
1988 Round of 32 Florida
75%
1989 Round of 64 Florida
75%
1994 National Semifinals Florida
75%
1995 Round of 64 Florida
75%
1999 Sweet Sixteen Florida
75%
2000 Second Florida
75%
2001 Round of 32 Florida
75%
2002 Round of 64 Florida
75%
2003 Round of 32 Florida
75%
2004 Round of 64 Florida
75%
2005 Round of 32 Florida
75%
2006 First Florida
75%
2007 First Florida
75%
2010 Round of 64 Florida
75%
2011 Elite Eight Florida
75%
2012 Elite Eight Florida
75%
2013 Elite Eight Florida
75%
2014 National Semifinals Florida
75%
2017 Elite Eight Florida
75%
2018 Round of 32 Florida
75%
2019 Round of 32 Florida
75%
2021 Round of 32 Florida
75%
2024 Round of 64 Florida
75%
2025 First Florida
75%
2026 Round of 32 Florida
75%
2024 Round of 64 Florida Atlantic
75%
1983 National Semifinals Georgia
75%
1985 Round of 32 Georgia
75%
1987 Round of 64 Georgia
75%
1990 Round of 64 Georgia
75%
1991 Round of 64 Georgia
75%
1996 Sweet Sixteen Georgia
75%
1997 Round of 32 Georgia
75%
2001 Round of 64 Georgia
75%
2002 Round of 32 Georgia
75%
2008 Round of 64 Georgia
75%
2011 Round of 64 Georgia
75%
2015 Round of 64 Georgia
75%
2025 Round of 64 Georgia
75%
2026 Round of 64 Georgia
75%
1991 Round of 64 Georgia State
75%
2001 Round of 32 Georgia State
75%
2015 Round of 32 Georgia State
75%
2018 Round of 64 Georgia State
75%
2019 Round of 64 Georgia State
75%
2022 Round of 64 Georgia State
75%
1960 Elite Eight Georgia Tech
75%
1985 Elite Eight Georgia Tech
75%
1986 Sweet Sixteen Georgia Tech
75%
1987 Round of 64 Georgia Tech
75%
1988 Round of 32 Georgia Tech
75%
1989 Round of 64 Georgia Tech
75%
1990 National Semifinals Georgia Tech
75%
1991 Round of 32 Georgia Tech
75%
1992 Sweet Sixteen Georgia Tech
75%
1993 Round of 64 Georgia Tech
75%
1996 Sweet Sixteen Georgia Tech
75%
2001 Round of 64 Georgia Tech
75%
2004 Second Georgia Tech
75%
2005 Round of 32 Georgia Tech
75%
2007 Round of 64 Georgia Tech
75%
2010 Round of 32 Georgia Tech
75%
2021 Round of 64 Georgia Tech
75%
1995 Round of 64 Gonzaga
75%
1999 Elite Eight Gonzaga
75%
2000 Sweet Sixteen Gonzaga
75%
2001 Sweet Sixteen Gonzaga
75%
2002 Round of 64 Gonzaga
75%
2003 Round of 32 Gonzaga
75%
2004 Round of 32 Gonzaga
75%
2005 Round of 32 Gonzaga
75%
2006 Sweet Sixteen Gonzaga
75%
2007 Round of 64 Gonzaga
75%
2008 Round of 64 Gonzaga
75%
2009 Sweet Sixteen Gonzaga
75%
2010 Round of 32 Gonzaga
75%
2011 Round of 32 Gonzaga
75%
2012 Round of 32 Gonzaga
75%
2013 Round of 32 Gonzaga
75%
2014 Round of 32 Gonzaga
75%
2015 Elite Eight Gonzaga
75%
2016 Sweet Sixteen Gonzaga
75%
2017 Second Gonzaga
75%
2018 Sweet Sixteen Gonzaga
75%
2019 Elite Eight Gonzaga
75%
2021 Second Gonzaga
75%
2022 Sweet Sixteen Gonzaga
75%
2023 Elite Eight Gonzaga
75%
2024 Sweet Sixteen Gonzaga
75%
2025 Round of 32 Gonzaga
75%
2026 Round of 32 Gonzaga
75%
1946 Semifinals Harvard
75%
2012 Round of 64 Harvard
75%
2013 Round of 32 Harvard
75%
2014 Round of 32 Harvard
75%
2015 Round of 64 Harvard
75%
1942 Semifinals Illinois
75%
1940 First Indiana
75%
1953 First Indiana
75%
1954 Sweet Sixteen Indiana
75%
1958 Sweet Sixteen Indiana
75%
1967 Sweet Sixteen Indiana
75%
1973 Third Indiana
75%
1975 Elite Eight Indiana
75%
1976 First Indiana
75%
1978 Sweet Sixteen Indiana
75%
1980 Sweet Sixteen Indiana
75%
1981 First Indiana
75%
1982 Round of 32 Indiana
75%
1983 Sweet Sixteen Indiana
75%
1984 Elite Eight Indiana
75%
1986 Round of 64 Indiana
75%
1987 First Indiana
75%
1988 Round of 64 Indiana
75%
1989 Sweet Sixteen Indiana
75%
1990 Round of 64 Indiana
75%
1991 Sweet Sixteen Indiana
75%
1992 National Semifinals Indiana
75%
1993 Elite Eight Indiana
75%
1994 Sweet Sixteen Indiana
75%
1995 Round of 64 Indiana
75%
1996 Round of 64 Indiana
75%
1997 Round of 32 Indiana
75%
1998 Round of 32 Indiana
75%
1999 Round of 32 Indiana
75%
2000 Round of 64 Indiana
75%
2001 Round of 64 Indiana
75%
2002 Second Indiana
75%
2003 Round of 32 Indiana
75%
2006 Round of 32 Indiana
75%
2007 Round of 32 Indiana
75%
2008 Round of 64 Indiana
75%
2012 Sweet Sixteen Indiana
75%
2013 Sweet Sixteen Indiana
75%
2015 Round of 64 Indiana
75%
2016 Sweet Sixteen Indiana
75%
2022 Round of 64 Indiana
75%
2023 Round of 32 Indiana
75%
1955 Fourth Iowa
75%
1956 Runner-Up Iowa
75%
1970 Sweet Sixteen Iowa
75%
1979 Round of 32 Iowa
75%
1980 Fourth Iowa
75%
1981 Round of 32 Iowa
75%
1982 Round of 32 Iowa
75%
1983 Sweet Sixteen Iowa
75%
1985 Round of 64 Iowa
75%
1986 Round of 64 Iowa
75%
1987 Elite Eight Iowa
75%
1988 Sweet Sixteen Iowa
75%
1989 Round of 32 Iowa
75%
1989 Round of 64 Iowa
75%
1991 Round of 32 Iowa
75%
1992 Round of 32 Iowa
75%
1993 Round of 32 Iowa
75%
1996 Round of 32 Iowa
75%
1997 Round of 64 Iowa
75%
1999 Sweet Sixteen Iowa
75%
2001 Round of 32 Iowa
75%
2005 Round of 64 Iowa
75%
2006 Round of 64 Iowa
75%
2014 First Four Iowa
75%
2015 Round of 32 Iowa
75%
2016 Round of 32 Iowa
75%
2019 Round of 32 Iowa
75%
2021 Round of 32 Iowa
75%
2022 Round of 64 Iowa
75%
2023 Round of 64 Iowa
75%
2026 Elite Eight Iowa
75%
1944 Final Four Iowa State
75%
1985 Round of 64 Iowa State
75%
1986 Sweet Sixteen Iowa State
75%
1988 Round of 64 Iowa State
75%
1992 Round of 32 Iowa State
75%
1993 Round of 64 Iowa State
75%
1995 Round of 32 Iowa State
75%
1996 Round of 32 Iowa State
75%
1997 Sweet Sixteen Iowa State
75%
2000 Elite Eight Iowa State
75%
2001 Round of 64 Iowa State
75%
2005 Round of 32 Iowa State
75%
2012 Round of 32 Iowa State
75%
2013 Round of 32 Iowa State
75%
2014 Sweet Sixteen Iowa State
75%
2015 Round of 64 Iowa State
75%
2016 Sweet Sixteen Iowa State
75%
2017 Round of 32 Iowa State
75%
2019 Round of 64 Iowa State
75%
2022 Sweet Sixteen Iowa State
75%
2023 Round of 64 Iowa State
75%
2024 Sweet Sixteen Iowa State
75%
2025 Round of 32 Iowa State
75%
2026 Sweet Sixteen Iowa State
75%
1940 Runner-Up Kansas
75%
1942 Semifinals Kansas
75%
1952 First Kansas
75%
1953 Runner-Up Kansas
75%
1957 Runner-Up Kansas
75%
1960 Elite Eight Kansas
75%
1966 Elite Eight Kansas
75%
1967 Sweet Sixteen Kansas
75%
1971 Fourth Kansas
75%
1974 Fourth Kansas
75%
1975 Round of 32 Kansas
75%
1978 Round of 32 Kansas
75%
1981 Sweet Sixteen Kansas
75%
1984 Round of 32 Kansas
75%
1985 Round of 32 Kansas
75%
1986 National Semifinals Kansas
75%
1987 Sweet Sixteen Kansas
75%
1988 First Kansas
75%
1990 Round of 32 Kansas
75%
1991 Second Kansas
75%
1992 Round of 32 Kansas
75%
1993 National Semifinals Kansas
75%
1994 Sweet Sixteen Kansas
75%
1995 Sweet Sixteen Kansas
75%
1996 Elite Eight Kansas
75%
1997 Sweet Sixteen Kansas
75%
1998 Round of 32 Kansas
75%
1999 Round of 32 Kansas
75%
2000 Round of 32 Kansas
75%
2001 Sweet Sixteen Kansas
75%
2002 National Semifinals Kansas
75%
2003 Second Kansas
75%
2004 Elite Eight Kansas
75%
2005 Round of 64 Kansas
75%
2006 Round of 64 Kansas
75%
2007 Elite Eight Kansas
75%
2008 First Kansas
75%
2009 Sweet Sixteen Kansas
75%
2010 Round of 32 Kansas
75%
2011 Elite Eight Kansas
75%
2012 Second Kansas
75%
2013 Sweet Sixteen Kansas
75%
2014 Round of 32 Kansas
75%
2015 Round of 32 Kansas
75%
2016 Elite Eight Kansas
75%
2017 Elite Eight Kansas
75%
2018 National Semifinals Kansas
75%
2021 Round of 32 Kansas
75%
2022 First Kansas
75%
2022 Sweet Sixteen Kansas
75%
2023 Round of 32 Kansas
75%
2024 Round of 32 Kansas
75%
2025 Round of 64 Kansas
75%
2026 Round of 32 Kansas
75%
1963 First Loyola Chicago
75%
1964 Sweet Sixteen Loyola Chicago
75%
1966 First Round Loyola Chicago
75%
1968 First Round Loyola Chicago
75%
1985 Sweet Sixteen Loyola Chicago
75%
2018 National Semifinals Loyola Chicago
75%
2021 Sweet Sixteen Loyola Chicago
75%
2022 Round of 64 Loyola Chicago
75%
1954 First Round Loyola-Los Angeles
75%
1957 First Round Loyola-Los Angeles
75%
1958 First Round Loyola-Los Angeles
75%
1961 Sweet Sixteen Loyola-Los Angeles
75%
1994 Round of 64 Loyola Maryland
75%
2012 Round of 64 Loyola Maryland
75%
1980 Round of 64 Loyola Marymount
75%
1988 Round of 32 Loyola Marymount
75%
1989 Round of 64 Loyola Marymount
75%
1990 Elite Eight Loyola Marymount
75%
1958 Sweet Sixteen Maryland
75%
1973 Elite Eight Maryland
75%
1975 Elite Eight Maryland
75%
1980 Sweet Sixteen Maryland
75%
1981 Round of 32 Maryland
75%
1983 Round of 32 Maryland
75%
1984 Sweet Sixteen Maryland
75%
1985 Sweet Sixteen Maryland
75%
1986 Round of 32 Maryland
75%
1988 Round of 32 Maryland
75%
1994 Sweet Sixteen Maryland
75%
1995 Sweet Sixteen Maryland
75%
1996 Round of 64 Maryland
75%
1997 Round of 64 Maryland
75%
1998 Sweet Sixteen Maryland
75%
1999 Sweet Sixteen Maryland
75%
2000 Round of 32 Maryland
75%
2001 National Semifinals Maryland
75%
2002 First Maryland
75%
2003 Sweet Sixteen Maryland
75%
2004 Round of 32 Maryland
75%
2007 Round of 32 Maryland
75%
2007 Round of 64 Maryland
75%
2009 Round of 32 Maryland
75%
2010 Round of 32 Maryland
75%
2015 Round of 32 Maryland
75%
2016 Sweet Sixteen Maryland
75%
2017 Round of 64 Maryland
75%
2019 Round of 32 Maryland
75%
2021 Round of 32 Maryland
75%
2023 Round of 32 Maryland
75%
2025 Sweet Sixteen Maryland
75%
1960 First Round Miami
75%
1998 Round of 64 Miami (FL)
75%
1999 Round of 32 Miami (FL)
75%
2000 Sweet Sixteen Miami (FL)
75%
2002 Round of 64 Miami (FL)
75%
2008 Round of 32 Miami (FL)
75%
2013 Sweet Sixteen Miami (FL)
75%
2016 Sweet Sixteen Miami (FL)
75%
2017 Round of 64 Miami (FL)
75%
2018 Round of 64 Miami (FL)
75%
2022 Elite Eight Miami (FL)
75%
2023 National Semifinals Miami (FL)
75%
2026 Round of 32 Miami (FL)
75%
1953 First Round Miami (OH)
75%
1955 First Round Miami (OH)
75%
1957 First Round Miami (OH)
75%
1958 Sweet Sixteen Miami (OH)
75%
1966 First Round Miami (OH)
75%
1969 Sweet Sixteen Miami (OH)
75%
1971 First Round Miami (OH)
75%
1973 First Round Miami (OH)
75%
1978 Sweet Sixteen Miami (OH)
75%
1984 Round of 64 Miami (OH)
75%
1985 Round of 64 Miami (OH)
75%
1986 Round of 64 Miami (OH)
75%
1992 Round of 64 Miami (OH)
75%
1995 Round of 32 Miami (OH)
75%
1997 Round of 64 Miami (OH)
75%
1999 Sweet Sixteen Miami (OH)
75%
2007 Round of 64 Miami (OH)
75%
2026 Round of 64 Miami (OH)
75%
1948 Semifinals Michigan
75%
1964 Third Michigan
75%
1965 Runner-Up Michigan
75%
1966 Elite Eight Michigan
75%
1974 Elite Eight Michigan
75%
1975 Round of 32 Michigan
75%
1976 Runner-Up Michigan
75%
1977 Elite Eight Michigan
75%
1985 Round of 32 Michigan
75%
1986 Round of 32 Michigan
75%
1987 Round of 32 Michigan
75%
1988 Sweet Sixteen Michigan
75%
1989 First Michigan
75%
1990 Round of 32 Michigan
75%
1992 Second Michigan
75%
1993 Second Michigan
75%
1994 Elite Eight Michigan
75%
1995 Round of 64 Michigan
75%
1996 Round of 64 Michigan
75%
1998 Round of 32 Michigan
75%
2009 Round of 32 Michigan
75%
2011 Round of 32 Michigan
75%
2012 Round of 64 Michigan
75%
2013 Second Michigan
75%
2014 Elite Eight Michigan
75%
2016 Round of 64 Michigan
75%
2017 Sweet Sixteen Michigan
75%
2018 Second Michigan
75%
2019 Sweet Sixteen Michigan
75%
2021 Elite Eight Michigan
75%
2022 Sweet Sixteen Michigan
75%
2025 Sweet Sixteen Michigan
75%
2026 First Michigan
75%
1957 Fourth Michigan State
75%
1959 Elite Eight Michigan State
75%
1978 Elite Eight Michigan State
75%
1979 First Michigan State
75%
1985 Round of 64 Michigan State
75%
1986 Sweet Sixteen Michigan State
75%
1990 Sweet Sixteen Michigan State
75%
1991 Round of 32 Michigan State
75%
1992 Round of 32 Michigan State
75%
1994 Round of 32 Michigan State
75%
1995 Round of 64 Michigan State
75%
1998 Sweet Sixteen Michigan State
75%
1999 National Semifinals Michigan State
75%
2000 First Michigan State
75%
2001 National Semifinals Michigan State
75%
2002 Round of 64 Michigan State
75%
2003 Elite Eight Michigan State
75%
2004 Round of 64 Michigan State
75%
2005 National Semifinals Michigan State
75%
2006 Round of 64 Michigan State
75%
2007 Round of 32 Michigan State
75%
2008 Sweet Sixteen Michigan State
75%
2009 Second Michigan State
75%
2010 National Semifinals Michigan State
75%
2011 Round of 64 Michigan State
75%
2012 Sweet Sixteen Michigan State
75%
2013 Sweet Sixteen Michigan State
75%
2014 Elite Eight Michigan State
75%
2015 National Semifinals Michigan State
75%
2016 Round of 64 Michigan State
75%
2017 Round of 32 Michigan State
75%
2018 Round of 32 Michigan State
75%
2019 National Semifinals Michigan State
75%
2021 First Four Michigan State
75%
2022 Round of 32 Michigan State
75%
2023 Sweet Sixteen Michigan State
75%
2024 Round of 32 Michigan State
75%
2025 Elite Eight Michigan State
75%
2026 Sweet Sixteen Michigan State
75%
1944 Semifinals Missouri
75%
1976 Elite Eight Missouri
75%
1978 Round of 32 Missouri
75%
1980 Sweet Sixteen Missouri
75%
1981 Round of 64 Missouri
75%
1982 Sweet Sixteen Missouri
75%
1983 Round of 32 Missouri
75%
1986 Round of 64 Missouri
75%
1987 Round of 64 Missouri
75%
1988 Round of 64 Missouri
75%
1989 Sweet Sixteen Missouri
75%
1990 Round of 64 Missouri
75%
1992 Round of 32 Missouri
75%
1993 Round of 64 Missouri
75%
1994 Elite Eight Missouri
75%
1995 Round of 32 Missouri
75%
1999 Round of 64 Missouri
75%
2000 Round of 64 Missouri
75%
2001 Round of 32 Missouri
75%
2002 Elite Eight Missouri
75%
2003 Round of 32 Missouri
75%
2009 Elite Eight Missouri
75%
2010 Round of 32 Missouri
75%
2011 Round of 64 Missouri
75%
2012 Round of 64 Missouri
75%
2013 Round of 64 Missouri
75%
2018 Round of 64 Missouri
75%
2021 Round of 64 Missouri
75%
2023 Round of 32 Missouri
75%
2025 Round of 64 Missouri
75%
2026 Round of 64 Missouri
75%
1986 Round of 64 Nebraska
75%
1991 Round of 64 Nebraska
75%
1992 Round of 64 Nebraska
75%
1993 Round of 64 Nebraska
75%
1994 Round of 64 Nebraska
75%
1998 Round of 64 Nebraska
75%
2014 Round of 64 Nebraska
75%
2024 Round of 64 Nebraska
75%
2026 Sweet Sixteen Nebraska
75%
1968 Sweet Sixteen New Mexico
75%
1974 Sweet Sixteen New Mexico
75%
1978 Round of 32 New Mexico
75%
1991 Round of 64 New Mexico
75%
1993 Round of 64 New Mexico
75%
1994 Round of 64 New Mexico
75%
1996 Round of 32 New Mexico
75%
1997 Round of 64 New Mexico
75%
1998 Round of 32 New Mexico
75%
1999 Round of 32 New Mexico
75%
2005 Round of 64 New Mexico
75%
2010 Round of 32 New Mexico
75%
2012 Round of 32 New Mexico
75%
2013 Round of 64 New Mexico
75%
2014 Round of 64 New Mexico
75%
2024 Round of 64 New Mexico
75%
2025 Round of 32 New Mexico
75%
1959 First Round New Mexico State
75%
1960 First Round New Mexico State
75%
1967 First Round New Mexico State
75%
1968 Sweet Sixteen New Mexico State
75%
1969 Sweet Sixteen New Mexico State
75%
1970 Third New Mexico State
75%
1971 First Round New Mexico State
75%
1975 Round of 32 New Mexico State
75%
1979 Round of 64 New Mexico State
75%
1990 Round of 64 New Mexico State
75%
1991 Round of 64 New Mexico State
75%
1992 Sweet Sixteen New Mexico State
75%
1993 Round of 32 New Mexico State
75%
1994 Round of 64 New Mexico State
75%
1999 Round of 64 New Mexico State
75%
2007 Round of 64 New Mexico State
75%
2010 Round of 64 New Mexico State
75%
2012 Round of 64 New Mexico State
75%
2013 Round of 64 New Mexico State
75%
2014 Round of 64 New Mexico State
75%
2015 Round of 64 New Mexico State
75%
2017 Round of 64 New Mexico State
75%
2018 Round of 64 New Mexico State
75%
2019 Round of 64 New Mexico State
75%
2022 Round of 32 New Mexico State
75%
1980 Round of 32 North Carolina
75%
1981 Runner-Up North Carolina
75%
1982 First North Carolina
75%
1983 Elite Eight North Carolina
75%
1984 Sweet Sixteen North Carolina
75%
1985 Elite Eight North Carolina
75%
1986 Sweet Sixteen North Carolina
75%
1987 Elite Eight North Carolina
75%
1988 Elite Eight North Carolina
75%
1989 Sweet Sixteen North Carolina
75%
1990 Sweet Sixteen North Carolina
75%
1991 National Semifinals North Carolina
75%
1992 Sweet Sixteen North Carolina
75%
1993 First North Carolina
75%
1994 Round of 32 North Carolina
75%
1995 National Semifinals North Carolina
75%
1996 Round of 32 North Carolina
75%
1997 National Semifinals North Carolina
75%
1998 National Semifinals North Carolina
75%
1999 Round of 64 North Carolina
75%
2000 National Semifinals North Carolina
75%
2001 Round of 32 North Carolina
75%
2004 Round of 32 North Carolina
75%
2005 First North Carolina
75%
2006 Round of 32 North Carolina
75%
2007 Elite Eight North Carolina
75%
2008 National Semifinals North Carolina
75%
2009 First North Carolina
75%
2011 Elite Eight North Carolina
75%
2012 Elite Eight North Carolina
75%
2013 Round of 32 North Carolina
75%
2014 Round of 32 North Carolina
75%
2015 Sweet Sixteen North Carolina
75%
2016 Second North Carolina
75%
2017 First North Carolina
75%
2018 Round of 32 North Carolina
75%
2019 Sweet Sixteen North Carolina
75%
2021 Round of 64 North Carolina
75%
2022 Second North Carolina
75%
2024 Sweet Sixteen North Carolina
75%
2025 Round of 64 North Carolina
75%
2026 Round of 64 North Carolina
75%
1950 Third North Carolina State
75%
1951 Semifinals North Carolina State
75%
1952 Round of 64 North Carolina State
75%
1954 Sweet Sixteen North Carolina State
75%
1956 First Round North Carolina State
75%
1970 Sweet Sixteen North Carolina State
75%
1974 First North Carolina State
75%
1980 Round of 32 North Carolina State
75%
1982 Round of 64 North Carolina State
75%
1983 First North Carolina State
75%
1985 Elite Eight North Carolina State
75%
1986 Elite Eight North Carolina State
75%
1987 Round of 64 North Carolina State
75%
1988 Round of 64 North Carolina State
75%
1989 Sweet Sixteen North Carolina State
75%
1991 Round of 32 North Carolina State
75%
2002 Round of 32 North Carolina State
75%
2003 Round of 64 North Carolina State
75%
2004 Round of 32 North Carolina State
75%
2005 Sweet Sixteen North Carolina State
75%
2006 Round of 32 North Carolina State
75%
2012 Sweet Sixteen North Carolina State
75%
2013 Round of 64 North Carolina State
75%
2014 Round of 64 North Carolina State
75%
2015 Sweet Sixteen North Carolina State
75%
2018 Round of 64 North Carolina State
75%
2023 Round of 64 North Carolina State
75%
2024 National Semifinals North Carolina State
75%
2026 First Four North Carolina State
75%
2005 Round of 64 Oakland
75%
2010 Round of 64 Oakland
75%
2011 Round of 64 Oakland
75%
2024 Round of 32 Oakland
75%
1939 Runner-Up Ohio State
75%
1944 Final Four Ohio State
75%
1945 Final Four Ohio State
75%
1946 Third Ohio State
75%
1950 Semifinals Ohio State
75%
1960 First Ohio State
75%
1961 Runner-Up Ohio State
75%
1962 Runner-Up Ohio State
75%
1968 Third Ohio State
75%
1971 Elite Eight Ohio State
75%
1980 Sweet Sixteen Ohio State
75%
1982 Round of 64 Ohio State
75%
1983 Sweet Sixteen Ohio State
75%
1985 Round of 32 Ohio State
75%
1987 Round of 32 Ohio State
75%
1990 Round of 32 Ohio State
75%
1991 Sweet Sixteen Ohio State
75%
1992 Elite Eight Ohio State
75%
1999 National Semifinals Ohio State
75%
2000 Round of 32 Ohio State
75%
2001 Round of 64 Ohio State
75%
2002 Round of 32 Ohio State
75%
2006 Round of 32 Ohio State
75%
2007 Second Ohio State
75%
2009 Round of 64 Ohio State
75%
2010 Sweet Sixteen Ohio State
75%
2011 Sweet Sixteen Ohio State
75%
2012 National Semifinals Ohio State
75%
2013 Elite Eight Ohio State
75%
2014 Round of 64 Ohio State
75%
2015 Round of 32 Ohio State
75%
2018 Round of 32 Ohio State
75%
2019 Round of 32 Ohio State
75%
2021 Round of 64 Ohio State
75%
2022 Round of 32 Ohio State
75%
2026 Round of 64 Ohio State
75%
1939 Final Four Oklahoma
75%
1943 Semifinals Oklahoma
75%
1947 Runner-Up Oklahoma
75%
1979 Sweet Sixteen Oklahoma
75%
1983 Round of 32 Oklahoma
75%
1984 Round of 32 Oklahoma
75%
1985 Elite Eight Oklahoma
75%
1986 Round of 32 Oklahoma
75%
1987 Sweet Sixteen Oklahoma
75%
1988 Second Oklahoma
75%
1989 Sweet Sixteen Oklahoma
75%
1990 Round of 32 Oklahoma
75%
1992 Round of 64 Oklahoma
75%
1995 Round of 64 Oklahoma
75%
1996 Round of 64 Oklahoma
75%
1997 Round of 64 Oklahoma
75%
1998 Round of 64 Oklahoma
75%
1999 Sweet Sixteen Oklahoma
75%
2000 Round of 32 Oklahoma
75%
2001 Round of 64 Oklahoma
75%
2002 National Semifinals Oklahoma
75%
2003 Elite Eight Oklahoma
75%
2005 Round of 32 Oklahoma
75%
2006 Round of 64 Oklahoma
75%
2008 Round of 32 Oklahoma
75%
2009 Elite Eight Oklahoma
75%
2013 Round of 64 Oklahoma
75%
2014 Round of 64 Oklahoma
75%
2015 Sweet Sixteen Oklahoma
75%
2016 National Semifinals Oklahoma
75%
2018 Round of 64 Oklahoma
75%
2019 Round of 32 Oklahoma
75%
2021 Round of 32 Oklahoma
75%
2025 Round of 64 Oklahoma
75%
1945 First Oklahoma A&M
75%
1946 First Oklahoma A&M
75%
1949 Runner-Up Oklahoma A&M
75%
1951 Fourth Oklahoma A&M
75%
1953 Sweet Sixteen Oklahoma A&M
75%
1954 Elite Eight Oklahoma A&M
75%
1939 First Oregon
75%
1945 Semifinals Oregon
75%
1960 Elite Eight Oregon
75%
1961 First Round Oregon
75%
1995 Round of 64 Oregon
75%
2000 Round of 64 Oregon
75%
2002 Elite Eight Oregon
75%
2003 Round of 64 Oregon
75%
2007 Elite Eight Oregon
75%
2008 Round of 64 Oregon
75%
2013 Sweet Sixteen Oregon
75%
2014 Round of 32 Oregon
75%
2015 Round of 32 Oregon
75%
2016 Elite Eight Oregon
75%
2017 National Semifinals Oregon
75%
2019 Sweet Sixteen Oregon
75%
2021 Sweet Sixteen Oregon
75%
2024 Round of 32 Oregon
75%
2025 Round of 32 Oregon
75%
1947 Semifinals Oregon State
75%
1949 Fourth Oregon State
75%
1955 Elite Eight Oregon State
75%
1962 Elite Eight Oregon State
75%
1963 Fourth Oregon State
75%
1964 First Round Oregon State
75%
1966 Elite Eight Oregon State
75%
1975 Sweet Sixteen Oregon State
75%
1980 Round of 32 Oregon State
75%
1981 Round of 32 Oregon State
75%
1982 Elite Eight Oregon State
75%
1984 Round of 64 Oregon State
75%
1985 Round of 64 Oregon State
75%
1988 Round of 64 Oregon State
75%
1989 Round of 64 Oregon State
75%
1990 Round of 64 Oregon State
75%
2016 Round of 64 Oregon State
75%
2021 Elite Eight Oregon State
75%
2026 Round of 64 Penn
75%
1942 Semifinals Penn State
75%
1952 Round of 64 Penn State
75%
1954 Third Penn State
75%
1955 Sweet Sixteen Penn State
75%
1965 First Round Penn State
75%
1991 Round of 32 Penn State
75%
1996 Round of 64 Penn State
75%
2001 Sweet Sixteen Penn State
75%
2011 Round of 64 Penn State
75%
2023 Round of 32 Penn State
75%
1953 Sweet Sixteen Pennsylvania
75%
1970 First Round Pennsylvania
75%
1971 Elite Eight Pennsylvania
75%
1972 Elite Eight Pennsylvania
75%
1973 Sweet Sixteen Pennsylvania
75%
1975 Round of 32 Pennsylvania
75%
1978 Sweet Sixteen Pennsylvania
75%
1979 Fourth Pennsylvania
75%
1980 Round of 32 Pennsylvania
75%
1982 Round of 64 Pennsylvania
75%
1985 Round of 64 Pennsylvania
75%
1987 Round of 64 Pennsylvania
75%
1993 Round of 64 Pennsylvania
75%
1994 Round of 32 Pennsylvania
75%
1995 Round of 64 Pennsylvania
75%
1999 Round of 64 Pennsylvania
75%
2000 Round of 64 Pennsylvania
75%
2002 Round of 64 Pennsylvania
75%
2003 Round of 64 Pennsylvania
75%
2005 Round of 64 Pennsylvania
75%
2006 Round of 64 Pennsylvania
75%
2007 Round of 64 Pennsylvania
75%
2018 Round of 64 Pennsylvania
75%
1952 Round of 64 Princeton
75%
1955 Sweet Sixteen Princeton
75%
1960 First Round Princeton
75%
1961 Sweet Sixteen Princeton
75%
1963 First Round Princeton
75%
1964 Sweet Sixteen Princeton
75%
1965 Third Princeton
75%
1967 Sweet Sixteen Princeton
75%
1969 First Round Princeton
75%
1976 Round of 32 Princeton
75%
1977 Round of 32 Princeton
75%
1981 Round of 64 Princeton
75%
1983 Round of 32 Princeton
75%
1984 Round of 64 Princeton
75%
1989 Round of 64 Princeton
75%
1990 Round of 64 Princeton
75%
1991 Round of 64 Princeton
75%
1992 Round of 64 Princeton
75%
1997 Round of 64 Princeton
75%
1998 Round of 32 Princeton
75%
2001 Round of 64 Princeton
75%
2004 Round of 64 Princeton
75%
2011 Round of 64 Princeton
75%
2017 Round of 64 Princeton
75%
2023 Sweet Sixteen Princeton
75%
1964 First Round Providence
75%
1965 Elite Eight Providence
75%
1966 First Round Providence
75%
1972 First Round Providence
75%
1973 Fourth Providence
75%
1974 Sweet Sixteen Providence
75%
1977 Round of 32 Providence
75%
1978 Round of 32 Providence
75%
1987 National Semifinals Providence
75%
1989 Round of 64 Providence
75%
1990 Round of 64 Providence
75%
1994 Round of 64 Providence
75%
1997 Elite Eight Providence
75%
2001 Round of 64 Providence
75%
2004 Round of 64 Providence
75%
2014 Round of 64 Providence
75%
2015 Round of 64 Providence
75%
2016 Round of 32 Providence
75%
2017 First Four Providence
75%
2018 Round of 64 Providence
75%
2022 Round of 32 Providence
75%
2023 Round of 64 Providence
75%
1969 Runner-Up Purdue
75%
1977 Round of 32 Purdue
75%
1980 Third Purdue
75%
1983 Round of 32 Purdue
75%
1984 Round of 32 Purdue
75%
1986 Round of 64 Purdue
75%
1987 Round of 32 Purdue
75%
1988 Sweet Sixteen Purdue
75%
1990 Round of 32 Purdue
75%
1991 Round of 64 Purdue
75%
1993 Round of 64 Purdue
75%
1994 Elite Eight Purdue
75%
1995 Round of 32 Purdue
75%
1996 Round of 32 Purdue
75%
1997 Round of 64 Purdue
75%
1998 Sweet Sixteen Purdue
75%
1999 Sweet Sixteen Purdue
75%
2000 Elite Eight Purdue
75%
2003 Round of 32 Purdue
75%
2007 Round of 32 Purdue
75%
2008 Round of 32 Purdue
75%
2009 Sweet Sixteen Purdue
75%
2010 Sweet Sixteen Purdue
75%
2011 Round of 32 Purdue
75%
2012 Round of 32 Purdue
75%
2015 Round of 64 Purdue
75%
2016 Round of 64 Purdue
75%
2017 Sweet Sixteen Purdue
75%
2018 Sweet Sixteen Purdue
75%
2019 Elite Eight Purdue
75%
2021 Round of 64 Purdue
75%
2022 Sweet Sixteen Purdue
75%
2023 Round of 64 Purdue
75%
2024 Second Purdue
75%
2025 Sweet Sixteen Purdue
75%
2026 Elite Eight Purdue
75%
1984 Round of 32 Richmond
75%
1986 Round of 64 Richmond
75%
1988 Sweet Sixteen Richmond
75%
1990 Round of 64 Richmond
75%
1991 Round of 32 Richmond
75%
1998 Round of 32 Richmond
75%
2004 Round of 64 Richmond
75%
2010 Round of 64 Richmond
75%
2011 Sweet Sixteen Richmond
75%
1951 Semifinals Saint John's
75%
1952 Runner-Up Saint John's
75%
1961 First Round Saint John's
75%
1967 Sweet Sixteen Saint John's
75%
1968 First Round Saint John's
75%
1969 Sweet Sixteen Saint John's
75%
1973 First Round Saint John's
75%
1976 Round of 32 Saint John's
75%
1977 Round of 32 Saint John's
75%
1978 Round of 32 Saint John's
75%
1979 Elite Eight Saint John's
75%
1980 Round of 32 Saint John's
75%
1982 Round of 32 Saint John's
75%
1983 Sweet Sixteen Saint John's
75%
1984 Round of 64 Saint John's
75%
1985 National Semifinals Saint John's
75%
1986 Round of 32 Saint John's
75%
1987 Round of 32 Saint John's
75%
1988 Round of 64 Saint John;s
75%
1990 Round of 32 Saint John's
75%
1991 Elite Eight Saint John's
75%
1992 Round of 64 Saint John's
75%
1993 Round of 32 Saint John's
75%
1998 Round of 64 Saint John's
75%
1999 Elite Eight Saint John's
75%
2000 Round of 32 Saint John's
75%
2002 Round of 64 Saint John's
75%
2011 Round of 64 Saint John's
75%
2015 Round of 64 Saint John's
75%
2019 First Four Saint John's
75%
2025 Round of 32 Saint John's
75%
2026 Sweet Sixteen Saint John's
75%
1959 Elite Eight Saint Mary's
75%
1989 Round of 64 Saint Mary's
75%
1997 Round of 64 Saint Mary's
75%
2005 Round of 64 Saint Mary's
75%
2010 Sweet Sixteen Saint Mary's
75%
2012 Round of 64 Saint Mary's
75%
2013 Round of 64 Saint Mary's
75%
2017 Round of 32 Saint Mary's
75%
2019 Round of 64 Saint Mary's
75%
2022 Round of 32 Saint Mary's
75%
2023 Round of 32 Saint Mary's
75%
2024 Round of 64 Saint Mary's
75%
2025 Round of 32 Saint Mary's
75%
2026 Round of 64 Saint Mary's
75%
1955 Sweet Sixteen SMU
75%
1956 Fourth SMU
75%
1957 Sweet Sixteen SMU
75%
1965 Sweet Sixteen SMU
75%
1966 Sweet Sixteen SMU
75%
1967 Elite Eight SMU
75%
1984 Round of 32 SMU
75%
1985 Round of 32 SMU
75%
1988 Round of 32 SMU
75%
1993 Round of 64 SMU
75%
2015 Round of 64 SMU
75%
2017 Round of 64 SMU
75%
2026 First Four SMU
75%
1952 Round of 64 TCU
75%
1953 First Round TCU
75%
1959 Sweet Sixteen TCU
75%
1968 Elite Eight TCU
75%
1971 First Round TCU
75%
1987 Round of 32 TCU
75%
1998 Round of 64 TCU
75%
2018 Round of 64 TCU
75%
2022 Round of 32 TCU
75%
2023 Round of 32 TCU
75%
2024 Round of 64 TCU
75%
2026 Round of 32 TCU
75%
1967 Sweet Sixteen Tennessee
75%
1976 Round of 32 Tennessee
75%
1977 Round of 32 Tennessee
75%
1979 Round of 32 Tennessee
75%
1980 Round of 32 Tennessee
75%
1981 Sweet Sixteen Tennessee
75%
1982 Round of 32 Tennessee
75%
1983 Round of 32 Tennessee
75%
1989 Round of 64 Tennessee
75%
1998 Round of 64 Tennessee
75%
1999 Round of 32 Tennessee
75%
2000 Sweet Sixteen Tennessee
75%
2001 Round of 64 Tennessee
75%
2006 Round of 32 Tennessee
75%
2007 Sweet Sixteen Tennessee
75%
2008 Sweet Sixteen Tennessee
75%
2009 Round of 64 Tennessee
75%
2010 Elite Eight Tennessee
75%
2011 Round of 64 Tennessee
75%
2014 Sweet Sixteen Tennessee
75%
2018 Round of 32 Tennessee
75%
2019 Sweet Sixteen Tennessee
75%
2021 Round of 64 Tennessee
75%
2022 Round of 32 Tennessee
75%
2023 Sweet Sixteen Tennessee
75%
2024 Elite Eight Tennessee
75%
2025 Elite Eight Tennessee
75%
2026 Elite Eight Tennessee
75%
2005 Round of 64 Tennessee-Chattanooga
75%
1939 Semifinals Texas
75%
1943 Final Four Texas
75%
1947 Third Texas
75%
1960 Sweet Sixteen Texas
75%
1963 Sweet Sixteen Texas
75%
1972 Sweet Sixteen Texas
75%
1974 First Round Texas
75%
1979 Round of 32 Texas
75%
1989 Round of 32 Texas
75%
1990 Elite Eight Texas
75%
1991 Round of 32 Texas
75%
1992 Round of 64 Texas
75%
1994 Round of 32 Texas
75%
1995 Round of 32 Texas
75%
1996 Round of 32 Texas
75%
1997 Sweet Sixteen Texas
75%
1999 Round of 64 Texas
75%
2000 Round of 32 Texas
75%
2001 Round of 64 Texas
75%
2002 Sweet Sixteen Texas
75%
2003 National Semifinals Texas
75%
2004 Sweet Sixteen Texas
75%
2005 Round of 64 Texas
75%
2006 Elite Eight Texas
75%
2007 Round of 32 Texas
75%
2008 Elite Eight Texas
75%
2009 Round of 32 Texas
75%
2010 Round of 64 Texas
75%
2011 Round of 32 Texas
75%
2012 Round of 64 Texas
75%
2014 Round of 32 Texas
75%
2015 Round of 64 Texas
75%
2016 Round of 64 Texas
75%
2018 Round of 64 Texas
75%
2021 Round of 64 Texas
75%
2022 Round of 32 Texas
75%
2023 Elite Eight Texas
75%
2024 Round of 32 Texas
75%
2025 First Four Texas
75%
2026 Sweet Sixteen Texas
75%
1951 Sweet Sixteen Texas A&M
75%
1964 First Round Texas A&M
75%
1969 Sweet Sixteen Texas A&M
75%
1975 Round of 32 Texas A&M
75%
1980 Sweet Sixteen Texas A&M
75%
1987 Round of 64 Texas A&M
75%
2006 Round of 32 Texas A&M
75%
2007 Sweet Sixteen Texas A&M
75%
2008 Round of 32 Texas A&M
75%
2009 Round of 32 Texas A&M
75%
2010 Round of 32 Texas A&M
75%
2011 Round of 64 Texas A&M
75%
2016 Sweet Sixteen Texas A&M
75%
2018 Sweet Sixteen Texas A&M
75%
2023 Round of 64 Texas A&M
75%
2024 Round of 32 Texas A&M
75%
2025 Round of 32 Texas A&M
75%
2026 Round of 32 Texas A&M
75%
1954 First Round Texas Tech
75%
1956 First Round Texas Tech
75%
1961 Sweet Sixteen Texas Tech
75%
1962 Sweet Sixteen Texas Tech
75%
1973 First Round Texas Tech
75%
1976 Sweet Sixteen Texas Tech
75%
1985 Round of 64 Texas Tech
75%
1986 Round of 64 Texas Tech
75%
1993 Round of 64 Texas Tech
75%
1996 Sweet Sixteen Texas Tech
75%
2002 Round of 64 Texas Tech
75%
2004 Round of 32 Texas Tech
75%
2005 Sweet Sixteen Texas Tech
75%
2007 Round of 64 Texas Tech
75%
2016 Round of 64 Texas Tech
75%
2018 Elite Eight Texas Tech
75%
2019 Second Texas Tech
75%
2021 Round of 32 Texas Tech
75%
2022 Sweet Sixteen Texas Tech
75%
2024 Round of 64 Texas Tech
75%
2025 Elite Eight Texas Tech
75%
2026 Round of 32 Texas Tech
75%
1950 Semifinals UCLA
75%
1952 Round of 64 UCLA
75%
1956 Sweet Sixteen UCLA
75%
1962 Fourth UCLA
75%
1963 Sweet Sixteen UCLA
75%
1964 First UCLA
75%
1965 First UCLA
75%
1967 First UCLA
75%
1968 First UCLA
75%
1969 First UCLA
75%
1970 First UCLA
75%
1971 First UCLA
75%
1972 First UCLA
75%
1973 First UCLA
75%
1974 Third UCLA
75%
1975 First UCLA
75%
1976 Third UCLA
75%
1977 Sweet Sixteen UCLA
75%
1978 Sweet Sixteen UCLA
75%
1979 Elite Eight UCLA
75%
1980 Runner-Up UCLA
75%
1981 Round of 32 UCLA
75%
1983 Round of 32 UCLA
75%
1987 Round of 32 UCLA
75%
1989 Round of 32 UCLA
75%
1990 Sweet Sixteen UCLA
75%
1991 Round of 64 UCLA
75%
1992 Elite Eight UCLA
75%
1993 Round of 32 UCLA
75%
1994 Round of 64 UCLA
75%
1995 First UCLA
75%
1996 Round of 64 UCLA
75%
1997 Elite Eight UCLA
75%
1998 Sweet Sixteen UCLA
75%
1999 Round of 64 UCLA
75%
2000 Sweet Sixteen UCLA
75%
2001 Sweet Sixteen UCLA
75%
2002 Sweet Sixteen UCLA
75%
2005 Round of 64 UCLA
75%
2006 Second UCLA
75%
2007 National Semifinals UCLA
75%
2008 National Semifinals UCLA
75%
2009 Round of 32 UCLA
75%
2011 Round of 32 UCLA
75%
2013 Round of 64 UCLA
75%
2014 Sweet Sixteen UCLA
75%
2015 Sweet Sixteen UCLA
75%
2017 Sweet Sixteen UCLA
75%
2018 Round of 64 UCLA
75%
2021 National Semifinals UCLA
75%
2022 Sweet Sixteen UCLA
75%
2023 Sweet Sixteen UCLA
75%
2025 Round of 32 UCLA
75%
2026 Round of 32 UCLA
75%
2003 Round of 64 UNC Asheville
75%
2011 Round of 64 UNC Asheville
75%
2012 Round of 64 UNC Asheville
75%
2016 Round of 64 UNC Asheville
75%
2023 Round of 64 UNC Asheville
75%
2000 Round of 64 UNC Wilmington
75%
2002 Round of 32 UNC Wilmington
75%
2006 Round of 64 UNC Wilmington
75%
2016 Round of 64 UNC Wilmington
75%
2017 Round of 64 UNC Wilmington
75%
2025 Round of 64 UNC Wilmington
75%
1940 Final Four USC
75%
1954 Fourth USC
75%
1960 First Round USC
75%
1961 Sweet Sixteen USC
75%
1979 Round of 32 USC
75%
1982 Round of 64 USC
75%
1985 Round of 64 USC
75%
1991 Round of 64 USC
75%
1992 Round of 32 USC
75%
1997 Round of 64 USC
75%
2001 Elite Eight USC
75%
2002 Round of 64 USC
75%
2007 Sweet Sixteen USC
75%
2008 Round of 64 USC
75%
2009 Round of 32 USC
75%
2011 First Four USC
75%
2016 Round of 64 USC
75%
2017 Round of 32 USC
75%
2021 Elite Eight USC
75%
2022 Round of 64 USC
75%
2023 Round of 64 USC
75%
1965 Elite Eight Vanderbilt
75%
1974 Sweet Sixteen Vanderbilt
75%
1988 Sweet Sixteen Vanderbilt
75%
1989 Round of 64 Vanderbilt
75%
1991 Round of 64 Vanderbilt
75%
1993 Sweet Sixteen Vanderbilt
75%
1997 Round of 64 Vanderbilt
75%
2004 Sweet Sixteen Vanderbilt
75%
2007 Sweet Sixteen Vanderbilt
75%
2008 Round of 64 Vanderbilt
75%
2010 Round of 64 Vanderbilt
75%
2011 Round of 64 Vanderbilt
75%
2012 Round of 32 Vanderbilt
75%
2016 First Four Vanderbilt
75%
2017 Round of 64 Vanderbilt
75%
2025 Round of 64 Vanderbilt
75%
2026 Round of 32 Vanderbilt
75%
1939 Final Four Villanova
75%
1949 Semifinals Villanova
75%
1951 Sweet Sixteen Villanova
75%
1955 Sweet Sixteen Villanova
75%
1962 Elite Eight Villanova
75%
1964 Sweet Sixteen Villanova
75%
1969 First Round Villanova
75%
1970 Elite Eight Villanova
75%
1971 Runner-Up Villanova
75%
1972 Sweet Sixteen Villanova
75%
1978 Elite Eight Villanova
75%
1980 Round of 32 Villanova
75%
1981 Round of 32 Villanova
75%
1982 Elite Eight Villanova
75%
1983 Elite Eight Villanova
75%
1984 Round of 32 Villanova
75%
1985 First Villanova
75%
1986 Round of 32 Villanova
75%
1988 Elite Eight Villanova
75%
1990 Round of 64 Villanova
75%
1991 Round of 32 Villanova
75%
1995 Round of 64 Villanova
75%
1996 Round of 32 Villanova
75%
1997 Round of 64 Villanova
75%
1999 Round of 64 Villanova
75%
2005 Sweet Sixteen Villanova
75%
2006 Elite Eight Villanova
75%
2007 Round of 64 Villanova
75%
2008 Sweet Sixteen Villanova
75%
2009 National Semifinals Villanova
75%
2010 Round of 32 Villanova
75%
2011 Round of 64 Villanova
75%
2013 Round of 64 Villanova
75%
2014 Round of 32 Villanova
75%
2015 Round of 32 Villanova
75%
2016 First Villanova
75%
2017 Round of 32 Villanova
75%
2018 First Villanova
75%
2019 Round of 32 Villanova
75%
2021 Sweet Sixteen Villanova
75%
2022 National Semifinals Villanova
75%
2026 Round of 64 Villanova
75%
1976 Round of 32 Virginia
75%
1981 Third Virginia
75%
1982 Sweet Sixteen Virginia
75%
1983 Elite Eight Virginia
75%
1984 National Semifinals Virginia
75%
1986 Round of 64 Virginia
75%
1987 Round of 64 Virginia
75%
1989 Elite Eight Virginia
75%
1990 Round of 32 Virginia
75%
1991 Round of 64 Virginia
75%
1993 Sweet Sixteen Virginia
75%
1994 Round of 32 Virginia
75%
1995 Elite Eight Virginia
75%
1997 Round of 64 Virginia
75%
2001 Round of 64 Virginia
75%
2007 Round of 32 Virginia
75%
2012 Round of 64 Virginia
75%
2014 Sweet Sixteen Virginia
75%
2015 Round of 32 Virginia
75%
2016 Elite Eight Virginia
75%
2017 Round of 32 Virginia
75%
2018 First Four Virginia
75%
2019 First Virginia
75%
2021 Round of 64 Virginia
75%
2023 Round of 64 Virginia
75%
2024 First Four Virginia
75%
2026 Round of 32 Virginia
75%
1967 Elite Eight Virginia Tech
75%
1976 Round of 32 Virginia Tech
75%
1979 Round of 32 Virginia Tech
75%
1980 Round of 32 Virginia Tech
75%
1985 Round of 64 Virginia Tech
75%
1986 Round of 64 Virginia Tech
75%
1996 Round of 32 Virginia Tech
75%
2007 Round of 32 Virginia Tech
75%
2017 Round of 64 Virginia Tech
75%
2018 First Four Virginia Tech
75%
2019 Sweet Sixteen Virginia Tech
75%
2021 Round of 64 Virginia Tech
75%
2022 First Four Virginia Tech
75%
1941 Runner-Up Washington State
75%
1980 Round of 64 Washington State
75%
1983 Round of 32 Washington State
75%
1994 Round of 64 Washington State
75%
2007 Round of 32 Washington State
75%
2008 Sweet Sixteen Washington State
75%
2024 Round of 32 Washington State
75%
1955 First Round West Virginia
75%
1956 First Round West Virginia
75%
1957 First Round West Virginia
75%
1958 First Round West Virginia
75%
1959 Runner-Up West Virginia
75%
1960 Sweet Sixteen West Virginia
75%
1962 First Round West Virginia
75%
1963 Sweet Sixteen West Virginia
75%
1965 First Round West Virginia
75%
1967 First Round West Virginia
75%
1982 Round of 32 West Virginia
75%
1983 Round of 64 West Virginia
75%
1984 Round of 32 West Virginia
75%
1986 Round of 64 West Virginia
75%
1987 Round of 64 West Virginia
75%
1989 Round of 32 West Virginia
75%
1992 Round of 64 West Virginia
75%
1998 Sweet Sixteen West Virginia
75%
2005 Elite Eight West Virginia
75%
2006 Sweet Sixteen West Virginia
75%
2008 Sweet Sixteen West Virginia
75%
2009 Round of 64 West Virginia
75%
2010 National Semifinals West Virginia
75%
2011 Round of 32 West Virginia
75%
2012 Round of 64 West Virginia
75%
2015 Sweet Sixteen West Virginia
75%
2016 Round of 64 West Virginia
75%
2017 Sweet Sixteen West Virginia
75%
2018 Sweet Sixteen West Virginia
75%
2021 Round of 32 West Virginia
75%
2023 Round of 64 West Virginia
75%
1941 First Wisconsin
75%
1947 Semifinals Wisconsin
75%
1994 Round of 32 Wisconsin
75%
1997 Round of 64 Wisconsin
75%
1999 Round of 64 Wisconsin
75%
2000 National Semifinals Wisconsin
75%
2001 Round of 64 Wisconsin
75%
2002 Round of 32 Wisconsin
75%
2003 Sweet Sixteen Wisconsin
75%
2004 Round of 32 Wisconsin
75%
2005 Elite Eight Wisconsin
75%
2006 Round of 64 Wisconsin
75%
2007 Round of 32 Wisconsin
75%
2008 Sweet Sixteen Wisconsin
75%
2009 Round of 32 Wisconsin
75%
2010 Round of 32 Wisconsin
75%
2011 Sweet Sixteen Wisconsin
75%
2012 Sweet Sixteen Wisconsin
75%
2013 Round of 64 Wisconsin
75%
2014 National Semifinals Wisconsin
75%
2015 Second Wisconsin
75%
2016 Sweet Sixteen Wisconsin
75%
2017 Sweet Sixteen Wisconsin
75%
2019 Round of 64 Wisconsin
75%
2021 Round of 32 Wisconsin
75%
2022 Round of 32 Wisconsin
75%
2024 Round of 64 Wisconsin
75%
2025 Round of 32 Wisconsin
75%
2026 Round of 64 Wisconsin
75%
1961 First Round Xavier
75%
1983 Preliminary Round Xavier
75%
1986 Round of 64 Xavier
75%
1987 Round of 32 Xavier
75%
1988 Round of 64 Xavier
75%
1989 Round of 64 Xavier
75%
1990 Sweet Sixteen Xavier
75%
1991 Round of 32 Xavier
75%
1993 Round of 32 Xavier
75%
1995 Round of 64 Xavier
75%
1997 Round of 64 Xavier
75%
1998 Round of 64 Xavier
75%
2001 Round of 64 Xavier
75%
2002 Round of 32 Xavier
75%
2003 Round of 32 Xavier
75%
2004 Elite Eight Xavier
75%
2006 Round of 64 Xavier
75%
2007 Round of 32 Xavier
75%
2008 Elite Eight Xavier
75%
2009 Sweet Sixteen Xavier
75%
2010 Sweet Sixteen Xavier
75%
2011 Round of 64 Xavier
75%
2012 Sweet Sixteen Xavier
75%
2014 First Four Xavier
75%
2015 Sweet Sixteen Xavier
75%
2016 Round of 32 Xavier
75%
2017 Elite Eight Xavier
75%
2018 Round of 32 Xavier
75%
2023 Sweet Sixteen Xavier
75%
2025 Round of 64 Xavier
75%
1949 Semifinals Yale
75%
1957 First Round Yale
75%
1962 First Round Yale
75%
2016 Round of 32 Yale
75%
2019 Round of 64 Yale
75%
2022 First Four Yale
75%
2024 Round of 32 Yale
75%
2025 Round of 64 Yale
75%
1960 First Round Air Force
50%
1962 First Round Air Force
50%
2004 Round of 64 Air Force
50%
2006 Round of 64 Air Force
50%
2001 Round of 64 Alabama State
50%
2004 Round of 64 Alabama State
50%
2009 Opening Round Alabama State
50%
2011 First Four Alabama State
50%
2025 Round of 64 Alabama State
50%
1980 Round of 32 Alcorn State
50%
1982 Round of 64 Alcorn State
50%
1983 Round of 64 Alcorn State
50%
1984 Round of 64 Alcorn State
50%
1999 Round of 64 Alcorn State
50%
2002 Opening Round Alcorn State
50%
2008 Round of 64 American
50%
2009 Round of 64 American
50%
2014 Round of 64 American
50%
2025 First Four American
50%
1999 Round of 64 Arkansas State
50%
2006 Round of 64 Belmont
50%
2007 Round of 64 Belmont
50%
2008 Round of 64 Belmont
50%
2012 Round of 64 Belmont
50%
2013 Round of 64 Belmont
50%
2015 Round of 64 Belmont
50%
2019 Round of 64 Belmont
50%
2011 Round of 64 Belmont State
50%
1976 Round of 32 Boise State
50%
1988 Round of 64 Boise State
50%
1993 Round of 64 Boise State
50%
1994 Round of 64 Boise State
50%
2008 Round of 64 Boise State
50%
2013 First Four Boise State
50%
2015 First Four Boise State
50%
2022 Round of 64 Boise State
50%
2023 Round of 64 Boise State
50%
2024 First Four Boise State
50%
1958 First Round Boston College
50%
1967 Elite Eight Boston College
50%
1968 First Round Boston College
50%
1975 Sweet Sixteen Boston College
50%
1981 Sweet Sixteen Boston College
50%
1982 Elite Eight Boston College
50%
1983 Sweet Sixteen Boston College
50%
1985 Sweet Sixteen Boston College
50%
1994 Elite Eight Boston College
50%
1996 Round of 32 Boston College
50%
1997 Round of 32 Boston College
50%
2001 Round of 32 Boston College
50%
2002 Round of 64 Boston College
50%
2004 Round of 32 Boston College
50%
2005 Round of 32 Boston College
50%
2006 Sweet Sixteen Boston College
50%
2007 Round of 32 Boston College
50%
2009 Round of 64 Boston College
50%
1959 Elite Eight Boston University
50%
1983 Preliminary Round Boston University
50%
1988 Round of 64 Boston University
50%
1990 Round of 64 Boston University
50%
1997 Round of 32 Boston University
50%
2002 Round of 64 Boston University
50%
2011 Round of 64 Boston University
50%
1959 First Round Bowling Green
50%
1962 First Round Bowling Green
50%
1963 Sweet Sixteen Bowling Green
50%
1968 First Round Bowling Green
50%
2022 Round of 64 Bryant
50%
2025 Round of 64 Bryant
50%
1950 Semifinals BYU
50%
1951 Semifinals BYU
50%
1957 Sweet Sixteen BYU
50%
1965 Sweet Sixteen BYU
50%
1969 First Round BYU
50%
1971 Sweet Sixteen BYU
50%
1972 First Round BYU
50%
1979 Round of 32 BYU
50%
1980 Round of 32 BYU
50%
1981 Elite Eight BYU
50%
1984 Round of 32 BYU
50%
1987 Round of 64 BYU
50%
1988 Round of 32 BYU
50%
1990 Round of 64 BYU
50%
1991 Round of 32 BYU
50%
1992 Round of 64 BYU
50%
1993 Round of 32 BYU
50%
1995 Round of 64 BYU
50%
2001 Round of 64 BYU
50%
2003 Round of 64 BYU
50%
2004 Round of 64 BYU
50%
2007 Round of 64 BYU
50%
2008 Round of 64 BYU
50%
2009 Round of 64 BYU
50%
2010 Round of 32 BYU
50%
2011 Sweet Sixteen BYU
50%
2012 Round of 64 BYU
50%
2014 Round of 64 BYU
50%
2015 First Four BYU
50%
2021 Round of 64 BYU
50%
2024 Round of 64 BYU
50%
2025 Sweet Sixteen BYU
50%
2026 Round of 64 BYU
50%
1946 Fourth California
50%
1957 Elite Eight California
50%
1958 Elite Eight California
50%
1959 First California
50%
1960 Runner-Up California
50%
1990 Round of 32 California
50%
1993 Sweet Sixteen California
50%
1994 Round of 64 California
50%
1996 Round of 64 California
50%
1997 Sweet Sixteen California
50%
2001 Round of 64 California
50%
2002 Round of 32 California
50%
2003 Round of 32 California
50%
2006 Round of 64 California
50%
2009 Round of 64 California
50%
2010 Round of 32 California
50%
2012 First Four California
50%
2013 Round of 32 California
50%
2016 Round of 64 California
50%
2000 Round of 64 Central Connecticut State
50%
2002 Round of 64 Central Connecticut State
50%
2007 Round of 64 Central Connecticut State
50%
2023 Round of 64 Charleston
50%
2024 Round of 64 Charleston
50%
1988 Round of 64 Charlotte
50%
1992 Round of 64 Charlotte
50%
1997 Round of 32 Charlotte
50%
1998 Round of 32 Charlotte
50%
1999 Round of 32 Charlotte
50%
2001 Round of 32 Charlotte
50%
2002 Round of 64 Charlotte
50%
2004 Round of 64 Charlotte
50%
2005 Round of 64 Charlotte
50%
1981 Round of 64 Chattanooga
50%
1982 Round of 32 Chattanooga
50%
1983 Round of 64 Chattanooga
50%
1988 Round of 64 Chattanooga
50%
1993 Round of 64 Chattanooga
50%
1994 Round of 64 Chattanooga
50%
1995 Round of 64 Chattanooga
50%
1997 Sweet Sixteen Chattanooga
50%
2009 Round of 64 Chattanooga
50%
2016 Round of 64 Chattanooga
50%
2022 Round of 64 Chattanooga
50%
1980 Elite Eight Clemson
50%
1987 Round of 64 Clemson
50%
1989 Round of 32 Clemson
50%
1990 Sweet Sixteen Clemson
50%
1996 Round of 64 Clemson
50%
1997 Sweet Sixteen Clemson
50%
1998 Round of 64 Clemson
50%
2008 Round of 64 Clemson
50%
2009 Round of 64 Clemson
50%
2010 Round of 64 Clemson
50%
2011 Round of 64 Clemson
50%
2018 Sweet Sixteen Clemson
50%
2021 Round of 64 Clemson
50%
2024 Elite Eight Clemson
50%
2025 Round of 64 Clemson
50%
2026 Round of 64 Clemson
50%
1986 Sweet Sixteen Cleveland State
50%
2009 Round of 32 Cleveland State
50%
2021 Round of 64 Cleveland State
50%
1994 Round of 64 College of Charleston
50%
1997 Round of 32 College of Charleston
50%
1998 Round of 64 College of Charleston
50%
1999 Round of 64 College of Charleston
50%
2018 Round of 64 College of Charleston
50%
1948 Semifinals Columbia
50%
1951 Sweet Sixteen Columbia
50%
1968 Sweet Sixteen Columbia
50%
2001 Round of 64 CSU Northridge
50%
2009 Round of 64 CSU Northridge
50%
1941 Semifinals Dartmouth
50%
1942 Runner-Up Dartmouth
50%
1943 Semifinals Dartmouth
50%
1944 Runner-Up Dartmouth
50%
1956 Sweet Sixteen Dartmouth
50%
1958 Elite Eight Dartmouth
50%
1959 First Round Dartmouth
50%
1966 Sweet Sixteen Davidson
50%
1968 Elite Eight Davidson
50%
1969 Elite Eight Davidson
50%
1970 First Round Davidson
50%
1986 Round of 64 Davidson
50%
1998 Round of 64 Davidson
50%
2002 Round of 64 Davidson
50%
2006 Round of 64 Davidson
50%
2008 Elite Eight Davidson
50%
2012 Round of 64 Davidson
50%
2013 Round of 64 Davidson
50%
2015 Round of 64 Davidson
50%
2018 Round of 64 Davidson
50%
2022 Round of 64 Davidson
50%
1992 Round of 64 Delaware
50%
1993 Round of 64 Delaware
50%
1998 Round of 64 Delaware
50%
1999 Round of 64 Delaware
50%
2014 Round of 64 Delaware
50%
2022 Round of 64 Delaware
50%
2005 Round of 64 Delaware State
50%
1943 Final Four DePaul
50%
1953 Sweet Sixteen DePaul
50%
1956 First Round DePaul
50%
1960 Sweet Sixteen DePaul
50%
1965 Sweet Sixteen DePaul
50%
1976 Sweet Sixteen DePaul
50%
1978 Elite Eight DePaul
50%
1979 Third DePaul
50%
1980 Round of 32 DePaul
50%
1981 Round of 32 DePaul
50%
1982 Round of 32 DePaul
50%
1984 Sweet Sixteen DePaul
50%
1985 Round of 64 DePaul
50%
1986 Sweet Sixteen DePaul
50%
1987 Sweet Sixteen DePaul
50%
1988 Round of 32 DePaul
50%
1989 Round of 32 DePaul
50%
1991 Round of 64 DePaul
50%
1992 Round of 64 DePaul
50%
2000 Round of 64 DePaul
50%
1962 First Round Detroit
50%
1977 Sweet Sixteen Detroit
50%
1979 Round of 64 Detroit
50%
1998 Round of 32 Detroit
50%
2012 Round of 64 Detroit
50%
1953 First Round Eastern Kentucky
50%
1959 First Round Eastern Kentucky
50%
1965 First Round Eastern Kentucky
50%
1972 First Round Eastern Kentucky
50%
1979 Round of 64 Eastern Kentucky
50%
2005 Round of 64 Eastern Kentucky
50%
2007 Round of 64 Eastern Kentucky
50%
2014 Round of 64 Eastern Kentucky
50%
1988 Round of 64 Eastern Michigan
50%
1991 Sweet Sixteen Eastern Michigan
50%
1996 Round of 32 Eastern Michigan
50%
1998 Round of 64 Eastern Michigan
50%
2004 Round of 64 Eastern Washington
50%
2015 Round of 64 Eastern Washington
50%
2021 Round of 64 Eastern Washington
50%
1968 Sweet Sixteen East Tennessee State
50%
1989 Round of 64 East Tennessee State
50%
1990 Round of 64 East Tennessee State
50%
1991 Round of 64 East Tennessee State
50%
1992 Round of 32 East Tennessee State
50%
2003 Round of 64 East Tennessee State
50%
2004 Round of 64 East Tennessee State
50%
2009 Round of 64 East Tennessee State
50%
2010 Round of 64 East Tennessee State
50%
2017 Round of 64 East Tennessee State
50%
1985 Round of 64 Fairleigh Dickinson
50%
1988 Round of 64 Fairleigh Dickinson
50%
1998 Round of 64 Fairleigh Dickinson
50%
2005 Round of 64 Fairleigh Dickinson
50%
2016 First Four Fairleigh Dickinson
50%
2019 Round of 64 Fairleigh Dickinson
50%
2023 Round of 32 Fairleigh Dickinson
50%
2002 Round of 64 Florida Atlantic
50%
2023 National Semifinals Florida Atlantic
50%
2013 Sweet Sixteen Florida Gulf Coast
50%
2016 Round of 64 Florida Gulf Coast
50%
2017 Round of 64 Florida Gulf Coast
50%
1968 First Round Florida State
50%
1972 Runner-Up Florida State
50%
1978 Round of 32 Florida State
50%
1980 Round of 32 Florida State
50%
1988 Round of 64 Florida State
50%
1989 Round of 64 Florida State
50%
1991 Round of 32 Florida State
50%
1992 Sweet Sixteen Florida State
50%
1993 Elite Eight Florida State
50%
1998 Round of 32 Florida State
50%
2009 Round of 64 Florida State
50%
2010 Round of 64 Florida State
50%
2011 Sweet Sixteen Florida State
50%
2012 Round of 32 Florida State
50%
2017 Round of 32 Florida State
50%
2018 Elite Eight Florida State
50%
2019 Sweet Sixteen Florida State
50%
2021 Sweet Sixteen Florida State
50%
1943 Runner-Up Georgetown
50%
1975 Round of 32 Georgetown
50%
1976 Round of 32 Georgetown
50%
1979 Round of 32 Georgetown
50%
1980 Elite Eight Georgetown
50%
1981 Round of 64 Georgetown
50%
1982 Runner-Up Georgetown
50%
1983 Round of 32 Georgetown
50%
1984 First Georgetown
50%
1985 Second Georgetown
50%
1986 Round of 32 Georgetown
50%
1987 Elite Eight Georgetown
50%
1988 Round of 32 Georgetown
50%
1989 Elite Eight Georgetown
50%
1990 Round of 32 Georgetown
50%
1991 Round of 32 Georgetown
50%
1992 Round of 32 Georgetown
50%
1994 Round of 32 Georgetown
50%
1995 Sweet Sixteen Georgetown
50%
1996 Elite Eight Georgetown
50%
1997 Round of 32 Georgetown
50%
2001 Sweet Sixteen Georgetown
50%
2006 Sweet Sixteen Georgetown
50%
2007 National Semifinals Georgetown
50%
2008 Round of 32 Georgetown
50%
2010 Round of 64 Georgetown
50%
2011 Round of 64 Georgetown
50%
2012 Round of 32 Georgetown
50%
2013 Round of 64 Georgetown
50%
2015 Round of 32 Georgetown
50%
2021 Round of 64 Georgetown
50%
1954 First Round George Washington
50%
1961 First Round George Washington
50%
1993 Sweet Sixteen George Washington
50%
1994 Round of 32 George Washington
50%
1996 Round of 64 George Washington
50%
1998 Round of 64 George Washington
50%
1999 Round of 64 George Washington
50%
2005 Round of 64 George Washington
50%
2006 Round of 32 George Washington
50%
2007 Round of 64 George Washington
50%
2014 Round of 64 George Washington
50%
2024 Round of 64 Grambling State
50%
2021 Round of 64 Grand Canyon
50%
2023 Round of 64 Grand Canyon
50%
2024 Round of 32 Grand Canyon
50%
2025 Round of 64 Grand Canyon
50%
2016 Round of 64 Green Bay
50%
1947 First Holy Cross
50%
1948 Third Holy Cross
50%
1950 Semifinals Holy Cross
50%
1953 Elite Eight Holy Cross
50%
1956 First Round Holy Cross
50%
1977 Round of 32 Holy Cross
50%
1980 Round of 64 Holy Cross
50%
1993 Round of 64 Holy Cross
50%
2001 Round of 64 Holy Cross
50%
2002 Round of 64 Holy Cross
50%
2003 Round of 64 Holy Cross
50%
2007 Round of 64 Holy Cross
50%
2016 Round of 64 Holy Cross
50%
1956 Sweet Sixteen Houston
50%
1961 Sweet Sixteen Houston
50%
1965 Sweet Sixteen Houston
50%
1966 Sweet Sixteen Houston
50%
1967 Third Houston
50%
1968 Fourth Houston
50%
1970 Sweet Sixteen Houston
50%
1971 Sweet Sixteen Houston
50%
1972 First Round Houston
50%
1973 First Round Houston
50%
1978 Round of 32 Houston
50%
1981 Round of 64 Houston
50%
1982 National Semifinals Houston
50%
1983 Runner-Up Houston
50%
1984 Runner-Up Houston
50%
1987 Round of 64 Houston
50%
1990 Round of 64 Houston
50%
1992 Round of 64 Houston
50%
2010 Round of 64 Houston
50%
2018 Round of 32 Houston
50%
2019 Sweet Sixteen Houston
50%
2021 National Semifinals Houston
50%
2022 Elite Eight Houston
50%
2023 Sweet Sixteen Houston
50%
2024 Sweet Sixteen Houston
50%
2025 Second Houston
50%
2026 Sweet Sixteen Houston
50%
1981 Round of 64 Howard
50%
1992 Round of 64 Howard
50%
2023 Round of 64 Howard
50%
2024 First Four Howard
50%
2026 Round of 64 Howard
50%
1981 Round of 64 Idaho
50%
1982 Sweet Sixteen Idaho
50%
1989 Round of 64 Idaho
50%
1990 Round of 64 Idaho
50%
2026 Round of 64 Idaho
50%
1953 First Round Idaho State
50%
1954 Sweet Sixteen Idaho State
50%
1955 First Round Idaho State
50%
1956 First Round Idaho State
50%
1957 Sweet Sixteen Idaho State
50%
1958 Sweet Sixteen Idaho State
50%
1959 Sweet Sixteen Idaho State
50%
1960 First Round Idaho State
50%
1974 First Round Idaho State
50%
1977 Elite Eight Idaho State
50%
1987 Round of 64 Idaho State
50%
1949 Third Illinois
50%
1951 Third Illinois
50%
1952 Third Illinois
50%
1963 Elite Eight Illinois
50%
1981 Sweet Sixteen Illinois
50%
1983 Round of 64 Illinois
50%
1984 Elite Eight Illinois
50%
1985 Sweet Sixteen Illinois
50%
1986 Round of 32 Illinois
50%
1987 Round of 64 Illinois
50%
1988 Round of 32 Illinois
50%
1989 National Semifinals Illinois
50%
1990 Round of 64 Illinois
50%
1993 Round of 32 Illinois
50%
1994 Round of 64 Illinois
50%
1995 Round of 64 Illinois
50%
1997 Round of 32 Illinois
50%
1998 Round of 32 Illinois
50%
2000 Round of 32 Illinois
50%
2001 Elite Eight Illinois
50%
2002 Sweet Sixteen Illinois
50%
2003 Round of 32 Illinois
50%
2004 Sweet Sixteen Illinois
50%
2005 Second Illinois
50%
2006 Round of 32 Illinois
50%
2007 Round of 64 Illinois
50%
2009 Round of 64 Illinois
50%
2011 Round of 32 Illinois
50%
2013 Round of 32 Illinois
50%
2021 Round of 32 Illinois
50%
2022 Round of 32 Illinois
50%
2023 Round of 64 Illinois
50%
2024 Elite Eight Illinois
50%
2025 Round of 32 Illinois
50%
2026 National Semifinals Illinois
50%
1998 Round of 64 Illinois-Chicago
50%
2002 Round of 64 Illinois-Chicago
50%
2004 Round of 64 Illinois-Chicago
50%
1997 Round of 64 Jackson State
50%
2000 Round of 64 Jackson State
50%
2007 Round of 64 Jackson State
50%
1970 Runner-Up Jacksonville
50%
1971 First Round Jacksonville
50%
1973 First Round Jacksonville
50%
1979 Round of 64 Jacksonville
50%
1986 Round of 64 Jacksonville
50%
2017 Round of 64 Jacksonville State
50%
2022 Round of 64 Jacksonville State
50%
1982 Round of 32 James Madison
50%
1983 Round of 32 James Madison
50%
1994 Round of 64 James Madison
50%
2013 Round of 64 James Madison
50%
2024 Round of 32 James Madison
50%
1948 Fourth Kansas State
50%
1951 Runner-Up Kansas State
50%
1956 Sweet Sixteen Kansas State
50%
1958 Fourth Kansas State
50%
1959 Elite Eight Kansas State
50%
1961 Elite Eight Kansas State
50%
1964 Fourth Kansas State
50%
1968 Sweet Sixteen Kansas State
50%
1970 Sweet Sixteen Kansas State
50%
1972 Elite Eight Kansas State
50%
1973 Elite Eight Kansas State
50%
1975 Elite Eight Kansas State
50%
1977 Sweet Sixteen Kansas State
50%
1980 Round of 32 Kansas State
50%
1981 Elite Eight Kansas State
50%
1982 Sweet Sixteen Kansas State
50%
1987 Round of 32 Kansas State
50%
1988 Elite Eight Kansas State
50%
1989 Round of 64 Kansas State
50%
1990 Round of 64 Kansas State
50%
1993 Round of 64 Kansas State
50%
1996 Round of 64 Kansas State
50%
2008 Round of 32 Kansas State
50%
2010 Elite Eight Kansas State
50%
2011 Round of 32 Kansas State
50%
2012 Round of 32 Kansas State
50%
2013 Round of 64 Kansas State
50%
2014 Round of 64 Kansas State
50%
2017 Round of 64 Kansas State
50%
2018 Elite Eight Kansas State
50%
2019 Round of 32 Kansas State
50%
2019 Round of 64 Kansas State
50%
2023 Elite Eight Kansas State
50%
1999 Round of 64 Kent State
50%
2001 Round of 32 Kent State
50%
2002 Elite Eight Kent State
50%
2006 Round of 64 Kent State
50%
2008 Round of 64 Kent State
50%
2017 Round of 64 Kent State
50%
2023 Round of 64 Kent State
50%
1957 Sweet Sixteen Lafayette
50%
1999 Round of 64 Lafayette
50%
2000 Round of 64 Lafayette
50%
2015 Round of 64 Lafayette
50%
1954 First La Salle
50%
1955 Runner-Up La Salle
50%
1968 First Round La Salle
50%
1975 Round of 32 La Salle
50%
1978 Round of 32 La Salle
50%
1980 Round of 64 La Salle
50%
1983 Round of 64 La Salle
50%
1988 Round of 64 La Salle
50%
1989 Round of 64 La Salle
50%
1990 Round of 32 La Salle
50%
1992 Round of 64 La Salle
50%
2013 Sweet Sixteen La Salle
50%
1985 Round of 64 Lehigh
50%
1988 Round of 64 Lehigh
50%
2004 Opening Round Lehigh
50%
2010 Round of 64 Lehigh
50%
2012 Round of 32 Lehigh
50%
2026 First Four Lehigh
50%
2016 Round of 32 Little Rock
50%
1970 Sweet Sixteen Long Beach State
50%
1971 Elite Eight Long Beach State
50%
1972 Elite Eight Long Beach State
50%
1973 Sweet Sixteen Long Beach State
50%
1977 Round of 32 Long Beach State
50%
1993 Round of 64 Long Beach State
50%
1995 Round of 64 Long Beach State
50%
2007 Round of 64 Long Beach State
50%
2012 Round of 64 Long Beach State
50%
1981 Round of 64 Long Island
50%
1984 Preliminary Round Long Island
50%
1997 Round of 64 Long Island
50%
2011 Round of 64 Long Island
50%
2012 Round of 64 Long Island
50%
2013 First Four Long Island
50%
2026 Round of 64 Long Island
50%
2018 Round of 64 Long Island-Brooklyn
50%
2022 Round of 64 Longwood
50%
2024 Round of 64 Longwood
50%
2023 Round of 64 Louisiana
50%
2000 Round of 64 Louisiana-Lafayette
50%
2004 Round of 64 Louisiana-Lafayette
50%
2005 Round of 64 Louisiana-Lafayette
50%
2014 Round of 64 Louisiana-Lafayette
50%
1951 Sweet Sixteen Louisville
50%
1959 Fourth Louisville
50%
1961 Sweet Sixteen Louisville
50%
1964 First Round Louisville
50%
1967 Sweet Sixteen Louisville
50%
1968 Sweet Sixteen Louisville
50%
1972 Fourth Louisville
50%
1974 Sweet Sixteen Louisville
50%
1975 Third Louisville
50%
1977 Round of 32 Louisville
50%
1978 Sweet Sixteen Louisville
50%
1979 Sweet Sixteen Louisville
50%
1980 First Louisville
50%
1981 Round of 32 Louisville
50%
1982 National Semifinals Louisville
50%
1983 National Semifinals Louisville
50%
1984 Sweet Sixteen Louisville
50%
1986 First Louisville
50%
1988 Sweet Sixteen Louisville
50%
1989 Sweet Sixteen Louisville
50%
1990 Round of 32 Louisville
50%
1992 Round of 32 Louisville
50%
1993 Sweet Sixteen Louisville
50%
1994 Sweet Sixteen Louisville
50%
1995 Round of 64 Louisville
50%
1996 Sweet Sixteen Louisville
50%
1997 Elite Eight Louisville
50%
1999 Round of 64 Louisville
50%
2000 Round of 64 Louisville
50%
2003 Round of 32 Louisville
50%
2004 Round of 64 Louisville
50%
2005 National Semifinals Louisville
50%
2007 Round of 32 Louisville
50%
2008 Elite Eight Louisville
50%
2009 Elite Eight Louisville
50%
2010 Round of 64 Louisville
50%
2011 Round of 64 Louisville
50%
2012 National Semifinals Louisville
50%
2013 First Louisville
50%
2014 Sweet Sixteen Louisville
50%
2015 Elite Eight Louisville
50%
2017 Round of 32 Louisville
50%
2019 Round of 64 Louisville
50%
2025 Round of 64 Louisville
50%
2026 Round of 32 Louisville
50%
1953 Fourth LSU
50%
1954 Sweet Sixteen LSU
50%
1979 Sweet Sixteen LSU
50%
1980 Elite Eight LSU
50%
1981 Fourth LSU
50%
1984 Round of 64 LSU
50%
1985 Round of 64 LSU
50%
1986 National Semifinals LSU
50%
1987 Elite Eight LSU
50%
1988 Round of 64 LSU
50%
1989 Round of 64 LSU
50%
1990 Round of 32 LSU
50%
1991 Round of 64 LSU
50%
1992 Round of 32 LSU
50%
1993 Round of 64 LSU
50%
2000 Sweet Sixteen LSU
50%
2003 Round of 64 LSU
50%
2005 Round of 64 LSU
50%
2006 National Semifinals LSU
50%
2009 Round of 32 LSU
50%
2015 Round of 64 LSU
50%
2019 Sweet Sixteen LSU
50%
2021 Round of 32 LSU
50%
2022 Round of 64 LSU
50%
1956 First Round Manhattan
50%
1958 Sweet Sixteen Manhattan
50%
1993 Round of 64 Manhattan
50%
1995 Round of 32 Manhattan
50%
2003 Round of 64 Manhattan
50%
2004 Round of 32 Manhattan
50%
2014 Round of 64 Manhattan
50%
2015 First Four Manhattan
50%
1955 Elite Eight Marquette
50%
1959 Sweet Sixteen Marquette
50%
1961 First Round Marquette
50%
1968 Sweet Sixteen Marquette
50%
1969 Elite Eight Marquette
50%
1971 Sweet Sixteen Marquette
50%
1972 Sweet Sixteen Marquette
50%
1973 Sweet Sixteen Marquette
50%
1974 Runner-Up Marquette
50%
1975 Round of 32 Marquette
50%
1976 Elite Eight Marquette
50%
1977 First Marquette
50%
1978 Round of 32 Marquette
50%
1979 Sweet Sixteen Marquette
50%
1980 Round of 64 Marquette
50%
1982 Round of 32 Marquette
50%
1983 Round of 64 Marquette
50%
1993 Round of 64 Marquette
50%
1994 Sweet Sixteen Marquette
50%
1996 Round of 32 Marquette
50%
1997 Round of 64 Marquette
50%
2002 Round of 64 Marquette
50%
2003 National Semifinals Marquette
50%
2006 Round of 64 Marquette
50%
2007 Round of 64 Marquette
50%
2008 Round of 32 Marquette
50%
2009 Round of 32 Marquette
50%
2010 Round of 64 Marquette
50%
2011 Sweet Sixteen Marquette
50%
2012 Sweet Sixteen Marquette
50%
2013 Elite Eight Marquette
50%
2017 Round of 64 Marquette
50%
2019 Round of 64 Marquette
50%
2022 Round of 64 Marquette
50%
2023 Round of 32 Marquette
50%
2024 Sweet Sixteen Marquette
50%
2025 Round of 64 Marquette
50%
1956 First Round Marshall
50%
1972 First Round Marshall
50%
1984 Round of 64 Marshall
50%
1985 Round of 64 Marshall
50%
1987 Round of 64 Marshall
50%
2018 Round of 32 Marshall
50%
1962 First Round Massachusetts
50%
1992 Sweet Sixteen Massachusetts
50%
1993 Round of 32 Massachusetts
50%
1994 Round of 32 Massachusetts
50%
1995 Elite Eight Massachusetts
50%
1996 National Semifinals Massachusetts
50%
1997 Round of 64 Massachusetts
50%
1998 Round of 64 Massachusetts
50%
2014 Round of 64 Massachusetts
50%
1988 Round of 32 Memphis
50%
1995 Sweet Sixteen Memphis
50%
1996 Round of 64 Memphis
50%
2003 Round of 64 Memphis
50%
2004 Round of 32 Memphis
50%
2006 Elite Eight Memphis
50%
2007 Elite Eight Memphis
50%
2008 Second Memphis
50%
2009 Sweet Sixteen Memphis
50%
2011 Round of 64 Memphis
50%
2012 Round of 64 Memphis
50%
2013 Round of 32 Memphis
50%
2014 Round of 32 Memphis
50%
2022 Round of 32 Memphis
50%
2023 Round of 64 Memphis
50%
2025 Round of 64 Memphis
50%
1955 First Round Memphis State
50%
1956 First Round Memphis State
50%
1962 First Round Memphis State
50%
1973 Runner-Up Memphis State
50%
1976 Round of 32 Memphis State
50%
1982 Sweet Sixteen Memphis State
50%
1983 Sweet Sixteen Memphis State
50%
1984 Sweet Sixteen Memphis State
50%
1985 National Semifinals Memphis State
50%
1986 Round of 32 Memphis State
50%
1989 Round of 64 Memphis State
50%
1992 Elite Eight Memphis State
50%
1993 Round of 64 Memphis State
50%
2014 Round of 64 Milwaukee
50%
1972 Sweet Sixteen Minnesota
50%
1982 Sweet Sixteen Minnesota
50%
1989 Sweet Sixteen Minnesota
50%
1990 Elite Eight Minnesota
50%
1994 Round of 32 Minnesota
50%
1995 Round of 64 Minnesota
50%
1997 National Semifinals Minnesota
50%
1999 Round of 64 Minnesota
50%
2005 Round of 64 Minnesota
50%
2009 Round of 64 Minnesota
50%
2010 Round of 64 Minnesota
50%
2013 Round of 32 Minnesota
50%
2017 Round of 64 Minnesota
50%
2019 Round of 32 Minnesota
50%
2025 Sweet Sixteen Mississippi
50%
1963 Sweet Sixteen Mississippi State
50%
1991 Round of 64 Mississippi State
50%
1995 Sweet Sixteen Mississippi State
50%
1996 National Semifinals Mississippi State
50%
2002 Round of 32 Mississippi State
50%
2003 Round of 64 Mississippi State
50%
2004 Round of 32 Mississippi State
50%
2008 Round of 32 Mississippi State
50%
2009 Round of 64 Mississippi State
50%
2019 Round of 64 Mississippi State
50%
2023 First Four Mississippi State
50%
2024 Round of 64 Mississippi State
50%
2025 Round of 64 Mississippi State
50%
1975 Sweet Sixteen Montana
50%
1991 Round of 64 Montana
50%
1992 Round of 64 Montana
50%
1997 Round of 64 Montana
50%
2002 Round of 64 Montana
50%
2005 Round of 64 Montana
50%
2006 Round of 32 Montana
50%
2010 Round of 64 Montana
50%
2012 Round of 64 Montana
50%
2013 Round of 64 Montana
50%
2018 Round of 64 Montana
50%
2019 Round of 64 Montana
50%
2025 Round of 64 Montana
50%
1951 Sweet Sixteen Montana State
50%
1986 Round of 64 Montana State
50%
1996 Round of 64 Montana State
50%
2022 Round of 64 Montana State
50%
2023 Round of 64 Montana State
50%
2024 First Four Montana State
50%
1956 Sweet Sixteen Morehead State
50%
1957 First Round Morehead State
50%
1961 Sweet Sixteen Morehead State
50%
1983 Round of 64 Morehead State
50%
1984 Round of 64 Morehead State
50%
2009 Round of 64 Morehead State
50%
2011 Round of 32 Morehead State
50%
2021 Round of 64 Morehead State
50%
2024 Round of 64 Morehead State
50%
1995 Round of 64 Mount Saint Mary's
50%
1999 Round of 64 Mount Saint Mary's
50%
2008 Round of 64 Mount Saint Mary's
50%
2014 First Four Mount Saint Mary's
50%
2017 Round of 64 Mount Saint Mary's
50%
2021 First Four Mount Saint Mary's
50%
2025 Round of 64 Mount Saint Mary's
50%
1964 First Round Murray State
50%
1969 First Round Murray State
50%
1988 Round of 32 Murray State
50%
1990 Round of 64 Murray State
50%
1991 Round of 64 Murray State
50%
1992 Round of 64 Murray State
50%
1995 Round of 64 Murray State
50%
1997 Round of 64 Murray State
50%
1998 Round of 64 Murray State
50%
1999 Round of 64 Murray State
50%
2002 Round of 64 Murray State
50%
2004 Round of 64 Murray State
50%
2006 Round of 64 Murray State
50%
2010 Round of 32 Murray State
50%
2012 Round of 32 Murray State
50%
2018 Round of 64 Murray State
50%
2019 Round of 32 Murray State
50%
2022 Round of 32 Murray State
50%
1947 Semifinals Navy
50%
1953 First Round Navy
50%
1954 Elite Eight Navy
50%
1959 Sweet Sixteen Navy
50%
1960 First Round Navy
50%
1985 Round of 32 Navy
50%
1986 Elite Eight Navy
50%
1987 Round of 64 Navy
50%
1994 Round of 64 Navy
50%
1997 Round of 64 Navy
50%
1998 Round of 64 Navy
50%
1984 Round of 64 Nevada
50%
1985 Round of 64 Nevada
50%
2004 Sweet Sixteen Nevada
50%
2005 Round of 32 Nevada
50%
2006 Round of 64 Nevada
50%
2007 Round of 32 Nevada
50%
2017 Round of 64 Nevada
50%
2018 Sweet Sixteen Nevada
50%
2019 Round of 64 Nevada
50%
2023 First Four Nevada
50%
2024 Round of 64 Nevada
50%
1987 Round of 32 New Orleans
50%
1991 Round of 64 New Orleans
50%
1993 Round of 64 New Orleans
50%
1996 Round of 64 New Orleans
50%
2017 First Four New Orleans
50%
2012 Round of 32 Norfolk State
50%
2021 Round of 64 Norfolk State
50%
2022 Round of 64 Norfolk State
50%
2025 Round of 64 Norfolk State
50%
2017 Round of 64 North Dakota
50%
2009 Round of 64 North Dakota State
50%
2014 Round of 32 North Dakota State
50%
1990 Round of 32 Northern Iowa
50%
2004 Round of 64 Northern Iowa
50%
2005 Round of 64 Northern Iowa
50%
2006 Round of 64 Northern Iowa
50%
2009 Round of 64 Northern Iowa
50%
2010 Sweet Sixteen Northern Iowa
50%
2015 Round of 32 Northern Iowa
50%
2016 Round of 32 Northern Iowa
50%
2026 Round of 64 Northern Iowa
50%
2017 Round of 64 Northern Kentucky
50%
2019 Round of 64 Northern Kentucky
50%
2023 Round of 64 Northern Kentucky
50%
2017 Round of 32 Northwestern
50%
2023 Round of 32 Northwestern
50%
2024 Round of 32 Northwestern
50%
1953 Elite Eight Notre Dame
50%
1954 Elite Eight Notre Dame
50%
1957 Sweet Sixteen Notre Dame
50%
1958 Elite Eight Notre Dame
50%
1960 First Round Notre Dame
50%
1963 First Round Notre Dame
50%
1965 First Round Notre Dame
50%
1969 First Round Notre Dame
50%
1970 Sweet Sixteen Notre Dame
50%
1971 Sweet Sixteen Notre Dame
50%
1974 Sweet Sixteen Notre Dame
50%
1975 Sweet Sixteen Notre Dame
50%
1976 Sweet Sixteen Notre Dame
50%
1977 Sweet Sixteen Notre Dame
50%
1978 Fourth Notre Dame
50%
1979 Elite Eight Notre Dame
50%
1980 Round of 32 Notre Dame
50%
1981 Sweet Sixteen Notre Dame
50%
1985 Round of 32 Notre Dame
50%
1986 Round of 64 Notre Dame
50%
1987 Sweet Sixteen Notre Dame
50%
1988 Round of 64 Notre Dame
50%
1989 Round of 32 Notre Dame
50%
1990 Round of 64 Notre Dame
50%
2001 Round of 32 Notre Dame
50%
2002 Round of 32 Notre Dame
50%
2003 Sweet Sixteen Notre Dame
50%
2007 Round of 64 Notre Dame
50%
2008 Round of 32 Notre Dame
50%
2010 Round of 64 Notre Dame
50%
2011 Round of 32 Notre Dame
50%
2012 Round of 64 Notre Dame
50%
2013 Round of 64 Notre Dame
50%
2015 Elite Eight Notre Dame
50%
2016 Elite Eight Notre Dame
50%
2017 Round of 32 Notre Dame
50%
2022 Round of 32 Notre Dame
50%
1958 Elite Eight Oklahoma State
50%
1965 Elite Eight Oklahoma State
50%
1983 Round of 64 Oklahoma State
50%
1991 Sweet Sixteen Oklahoma State
50%
1992 Sweet Sixteen Oklahoma State
50%
1993 Round of 32 Oklahoma State
50%
1994 Round of 32 Oklahoma State
50%
1995 National Semifinals Oklahoma State
50%
1998 Round of 32 Oklahoma State
50%
1999 Round of 32 Oklahoma State
50%
2000 Elite Eight Oklahoma State
50%
2001 Round of 64 Oklahoma State
50%
2002 Round of 64 Oklahoma State
50%
2003 Round of 32 Oklahoma State
50%
2004 National Semifinals Oklahoma State
50%
2005 Sweet Sixteen Oklahoma State
50%
2009 Round of 32 Oklahoma State
50%
2010 Round of 64 Oklahoma State
50%
2013 Round of 64 Oklahoma State
50%
2014 Round of 64 Oklahoma State
50%
2015 Round of 64 Oklahoma State
50%
2017 Round of 64 Oklahoma State
50%
2021 Round of 32 Oklahoma State
50%
1980 Round of 64 Old Dominion
50%
1982 Round of 64 Old Dominion
50%
1985 Round of 64 Old Dominion
50%
1986 Round of 32 Old Dominion
50%
1992 Round of 64 Old Dominion
50%
1995 Round of 32 Old Dominion
50%
1997 Round of 64 Old Dominion
50%
2005 Round of 64 Old Dominion
50%
2007 Round of 64 Old Dominion
50%
2010 Round of 32 Old Dominion
50%
2011 Round of 64 Old Dominion
50%
2019 Round of 64 Old Dominion
50%
1981 Round of 64 Ole Miss
50%
1997 Round of 64 Ole Miss
50%
1998 Round of 64 Ole Miss
50%
1999 Round of 32 Ole Miss
50%
2001 Sweet Sixteen Ole Miss
50%
2002 Round of 64 Ole Miss
50%
2013 Round of 32 Ole Miss
50%
2019 Round of 64 Ole Miss
50%
2025 Round of 64 Omaha
50%
1974 Elite Eight Oral Roberts
50%
1984 Round of 64 Oral Roberts
50%
2006 Round of 64 Oral Roberts
50%
2007 Round of 64 Oral Roberts
50%
2008 Round of 64 Oral Roberts
50%
2021 Sweet Sixteen Oral Roberts
50%
2023 Round of 64 Oral Roberts
50%
1944 Semifinals Pepperdine
50%
1962 Sweet Sixteen Pepperdine
50%
1976 Sweet Sixteen Pepperdine
50%
1979 Round of 32 Pepperdine
50%
1982 Round of 32 Pepperdine
50%
1983 Round of 64 Pepperdine
50%
1985 Round of 64 Pepperdine
50%
1986 Round of 64 Pepperdine
50%
1991 Round of 64 Pepperdine
50%
1992 Round of 64 Pepperdine
50%
1994 Round of 64 Pepperdine
50%
2000 Round of 32 Pepperdine
50%
2002 Round of 64 Pepperdine
50%
1941 Final Four Pittsburgh
50%
1957 Sweet Sixteen Pittsburgh
50%
1958 First Round Pittsburgh
50%
1963 First Round Pittsburgh
50%
1974 Elite Eight Pittsburgh
50%
1981 Round of 32 Pittsburgh
50%
1982 Round of 64 Pittsburgh
50%
1985 Round of 64 Pittsburgh
50%
1987 Round of 32 Pittsburgh
50%
1988 Round of 32 Pittsburgh
50%
1989 Round of 64 Pittsburgh
50%
1991 Round of 32 Pittsburgh
50%
1993 Round of 64 Pittsburgh
50%
2002 Sweet Sixteen Pittsburgh
50%
2003 Sweet Sixteen Pittsburgh
50%
2004 Sweet Sixteen Pittsburgh
50%
2005 Round of 64 Pittsburgh
50%
2006 Round of 32 Pittsburgh
50%
2007 Sweet Sixteen Pittsburgh
50%
2008 Round of 32 Pittsburgh
50%
2009 Elite Eight Pittsburgh
50%
2010 Round of 32 Pittsburgh
50%
2011 Round of 32 Pittsburgh
50%
2013 Round of 64 Pittsburgh
50%
2014 Round of 32 Pittsburgh
50%
2016 Round of 64 Pittsburgh
50%
2023 Round of 32 Pittsburgh
50%
1959 First Round Portland
50%
1996 Round of 64 Portland
50%
1961 First Round Rhode Island
50%
1966 First Round Rhode Island
50%
1978 Round of 32 Rhode Island
50%
1988 Sweet Sixteen Rhode Island
50%
1993 Round of 32 Rhode Island
50%
1997 Round of 64 Rhode Island
50%
1998 Elite Eight Rhode Island
50%
1999 Round of 64 Rhode Island
50%
2017 Round of 32 Rhode Island
50%
2017 Round of 64 Rhode Island
50%
2018 Round of 32 Rhode Island
50%
1975 Round of 32 Rutgers
50%
1976 Fourth Rutgers
50%
1979 Sweet Sixteen Rutgers
50%
1983 Round of 32 Rutgers
50%
1989 Round of 64 Rutgers
50%
1991 Round of 64 Rutgers
50%
2021 Round of 32 Rutgers
50%
2022 Round of 64 Rutgers
50%
1961 Sweet Sixteen Saint Bonaventure
50%
1968 Sweet Sixteen Saint Bonaventure
50%
1970 Fourth Saint Bonaventure
50%
1978 Round of 32 Saint Bonaventure
50%
2000 Round of 64 Saint Bonaventure
50%
2012 Round of 64 Saint Bonaventure
50%
2018 Round of 64 Saint Bonaventure
50%
2021 Round of 64 Saint Bonaventure
50%
1952 Semifinals Saint Louis
50%
1957 Sweet Sixteen Saint Louis
50%
1994 Round of 64 Saint Louis
50%
1995 Round of 32 Saint Louis
50%
1998 Round of 32 Saint Louis
50%
2000 Round of 64 Saint Louis
50%
2012 Round of 32 Saint Louis
50%
2013 Round of 32 Saint Louis
50%
2014 Round of 32 Saint Louis
50%
2019 Round of 64 Saint Louis
50%
2026 Round of 32 Saint Louis
50%
1991 Round of 64 Saint Peter's
50%
1995 Round of 64 Saint Peter's
50%
2011 Round of 64 Saint Peter's
50%
2022 Elite Eight Saint Peter's
50%
2024 Round of 64 Saint Peter's
50%
1984 Preliminary Round San Diego
50%
1987 Round of 64 San Diego
50%
2003 Round of 64 San Diego
50%
2008 Round of 32 San Diego
50%
1975 Round of 32 San Diego State
50%
1976 Round of 32 San Diego State
50%
1985 Round of 64 San Diego State
50%
2002 Round of 64 San Diego State
50%
2006 Round of 64 San Diego State
50%
2010 Round of 64 San Diego State
50%
2011 Sweet Sixteen San Diego State
50%
2012 Round of 64 San Diego State
50%
2013 Round of 32 San Diego State
50%
2014 Sweet Sixteen San Diego State
50%
2015 Round of 32 San Diego State
50%
2018 Round of 64 San Diego State
50%
2021 Round of 64 San Diego State
50%
2022 Round of 64 San Diego State
50%
2023 Second San Diego State
50%
2024 Sweet Sixteen San Diego State
50%
2025 First Four San Diego State
50%
1955 First San Francisco
50%
1956 First San Francisco
50%
1957 Third San Francisco
50%
1958 Sweet Sixteen San Francisco
50%
1963 Sweet Sixteen San Francisco
50%
1964 Elite Eight San Francisco
50%
1965 Elite Eight San Francisco
50%
1972 Sweet Sixteen San Francisco
50%
1973 Elite Eight San Francisco
50%
1974 Sweet Sixteen San Francisco
50%
1977 Round of 32 San Francisco
50%
1978 Sweet Sixteen San Francisco
50%
1979 Sweet Sixteen San Francisco
50%
1981 Round of 64 San Francisco
50%
1982 Round of 64 San Francisco
50%
1998 Round of 64 San Francisco
50%
2022 Round of 64 San Francisco
50%
1953 Sweet Sixteen Seattle
50%
1954 First Round Seattle
50%
1955 Sweet Sixteen Seattle
50%
1956 Sweet Sixteen Seattle
50%
1958 Runner-Up Seattle
50%
1961 First Round Seattle
50%
1962 First Round Seattle
50%
1963 First Round Seattle
50%
1964 Sweet Sixteen Seattle
50%
1967 First Round Seattle
50%
1969 First Round Seattle
50%
1988 Round of 32 Seton Hall
50%
1989 Second Seton Hall
50%
1991 Elite Eight Seton Hall
50%
1992 Sweet Sixteen Seton Hall
50%
1993 Round of 32 Seton Hall
50%
1994 Round of 64 Seton Hall
50%
2000 Sweet Sixteen Seton Hall
50%
2004 Round of 32 Seton Hall
50%
2006 Round of 64 Seton Hall
50%
2016 Round of 64 Seton Hall
50%
2017 Round of 64 Seton Hall
50%
2018 Round of 32 Seton Hall
50%
2019 Round of 64 Seton Hall
50%
2022 Round of 64 Seton Hall
50%
1989 Round of 32 Siena
50%
1999 Round of 64 Siena
50%
2002 Round of 64 Siena
50%
2008 Round of 32 Siena
50%
2009 Round of 32 Siena
50%
2010 Round of 64 Siena
50%
2026 Round of 64 Siena
50%
1971 Sweet Sixteen South Carolina
50%
1972 Sweet Sixteen South Carolina
50%
1973 Sweet Sixteen South Carolina
50%
1989 Round of 64 South Carolina
50%
1997 Round of 64 South Carolina
50%
1998 Round of 64 South Carolina
50%
2004 Round of 64 South Carolina
50%
2017 National Semifinals South Carolina
50%
2024 Round of 64 South Carolina
50%
2012 Round of 64 South Dakota State
50%
2013 Round of 64 South Dakota State
50%
2016 Round of 64 South Dakota State
50%
2017 Round of 64 South Dakota State
50%
2018 Round of 64 South Dakota State
50%
2022 Round of 64 South Dakota State
50%
2024 Round of 64 South Dakota State
50%
1981 Round of 64 Southern
50%
1987 Round of 64 Southern
50%
1988 Round of 64 Southern
50%
1989 Round of 64 Southern
50%
1993 Round of 32 Southern
50%
2006 Round of 64 Southern
50%
2013 Round of 64 Southern
50%
2016 First Four Southern
50%
1990 Round of 64 Southern Mississippi
50%
1991 Round of 64 Southern Mississippi
50%
2012 Round of 64 Southern Mississippi
50%
1988 Round of 64 Southwest Missouri State
50%
1989 Round of 64 Southwest Missouri State
50%
1990 Round of 64 Southwest Missouri State
50%
1992 Round of 64 Southwest Missouri State
50%
1999 Sweet Sixteen Southwest Missouri State
50%
1942 First Stanford
50%
1989 Round of 64 Stanford
50%
1992 Round of 64 Stanford
50%
1995 Round of 32 Stanford
50%
1996 Round of 32 Stanford
50%
1997 Sweet Sixteen Stanford
50%
1998 National Semifinals Stanford
50%
1999 Round of 32 Stanford
50%
2000 Round of 32 Stanford
50%
2001 Elite Eight Stanford
50%
2002 Round of 32 Stanford
50%
2003 Round of 32 Stanford
50%
2004 Round of 32 Stanford
50%
2005 Round of 64 Stanford
50%
2007 Round of 64 Stanford
50%
2008 Sweet Sixteen Stanford
50%
2014 Sweet Sixteen Stanford
50%
2009 Round of 64 Stephen F. Austin
50%
2014 Round of 32 Stephen F. Austin
50%
2015 Round of 64 Stephen F. Austin
50%
2016 Round of 32 Stephen F. Austin
50%
2018 Round of 64 Stephen F. Austin
50%
1957 Elite Eight Syracuse
50%
1966 Elite Eight Syracuse
50%
1973 Sweet Sixteen Syracuse
50%
1974 First Round Syracuse
50%
1975 Fourth Syracuse
50%
1976 Round of 32 Syracuse
50%
1977 Sweet Sixteen Syracuse
50%
1978 Round of 32 Syracuse
50%
1979 Sweet Sixteen Syracuse
50%
1980 Sweet Sixteen Syracuse
50%
1983 Round of 32 Syracuse
50%
1984 Sweet Sixteen Syracuse
50%
1985 Round of 32 Syracuse
50%
1986 Round of 32 Syracuse
50%
1987 Second Syracuse
50%
1988 Round of 32 Syracuse
50%
1989 Elite Eight Syracuse
50%
1990 Sweet Sixteen Syracuse
50%
1991 Round of 64 Syracuse
50%
1992 Round of 32 Syracuse
50%
1994 Sweet Sixteen Syracuse
50%
1995 Round of 32 Syracuse
50%
1996 Second Syracuse
50%
1998 Sweet Sixteen Syracuse
50%
1999 Round of 64 Syracuse
50%
2000 Sweet Sixteen Syracuse
50%
2001 Round of 32 Syracuse
50%
2003 First Syracuse
50%
2004 Sweet Sixteen Syracuse
50%
2005 Round of 64 Syracuse
50%
2006 Round of 64 Syracuse
50%
2009 Sweet Sixteen Syracuse
50%
2010 Sweet Sixteen Syracuse
50%
2011 Round of 32 Syracuse
50%
2012 Elite Eight Syracuse
50%
2013 National Semifinals Syracuse
50%
2014 Round of 32 Syracuse
50%
2016 National Semifinals Syracuse
50%
2018 Sweet Sixteen Syracuse
50%
2019 Round of 64 Syracuse
50%
2021 Sweet Sixteen Syracuse
50%
1944 Semifinals Temple
50%
1956 Third Temple
50%
1958 Third Temple
50%
1964 First Round Temple
50%
1967 First Round Temple
50%
1970 First Round Temple
50%
1972 First Round Temple
50%
1979 Round of 64 Temple
50%
1984 Round of 32 Temple
50%
1985 Round of 32 Temple
50%
1986 Round of 32 Temple
50%
1987 Round of 32 Temple
50%
1988 Elite Eight Temple
50%
1990 Round of 64 Temple
50%
1991 Elite Eight Temple
50%
1992 Round of 64 Temple
50%
1993 Elite Eight Temple
50%
1994 Round of 32 Temple
50%
1995 Round of 64 Temple
50%
1996 Round of 32 Temple
50%
1997 Round of 64 Temple
50%
1998 Round of 64 Temple
50%
1999 Elite Eight Temple
50%
2000 Round of 32 Temple
50%
2001 Elite Eight Temple
50%
2008 Round of 64 Temple
50%
2009 Round of 64 Temple
50%
2010 Round of 64 Temple
50%
2011 Round of 32 Temple
50%
2012 Round of 64 Temple
50%
2013 Round of 32 Temple
50%
2016 Round of 64 Temple
50%
2019 First Four Temple
50%
1993 Round of 64 Tennessee State
50%
1994 Round of 64 Tennessee State
50%
2007 Round of 64 Texas A&M-Corpus Christi
50%
2022 Round of 64 Texas A&M-Corpus Christi
50%
2023 Round of 64 Texas A&M-Corpus Christi
50%
1963 First Round Texas Western
50%
1964 Sweet Sixteen Texas Western
50%
1966 First Texas Western
50%
1967 Sweet Sixteen Texas Western
50%
1954 First Round Toledo
50%
1967 First Round Toledo
50%
1979 Sweet Sixteen Toledo
50%
1980 Round of 64 Toledo
50%
1990 Round of 64 Towson State
50%
1991 Round of 64 Towson State
50%
2017 Round of 64 Troy
50%
2025 Round of 64 Troy
50%
2026 Round of 64 Troy
50%
2003 Round of 64 Troy State
50%
1992 Round of 32 Tulane
50%
1993 Round of 32 Tulane
50%
1995 Round of 32 Tulane
50%
1955 Sweet Sixteen Tulsa
50%
1982 Round of 32 Tulsa
50%
1984 Round of 32 Tulsa
50%
1985 Round of 64 Tulsa
50%
1986 Round of 64 Tulsa
50%
1987 Round of 64 Tulsa
50%
1994 Sweet Sixteen Tulsa
50%
1995 Sweet Sixteen Tulsa
50%
1996 Round of 64 Tulsa
50%
1997 Round of 64 Tulsa
50%
1999 Round of 32 Tulsa
50%
2000 Elite Eight Tulsa
50%
2002 Round of 32 Tulsa
50%
2003 Round of 32 Tulsa
50%
2014 Round of 64 Tulsa
50%
2016 First Four Tulsa
50%
1981 Sweet Sixteen UAB
50%
1982 Elite Eight UAB
50%
1983 Round of 64 UAB
50%
1984 Round of 64 UAB
50%
1985 Round of 32 UAB
50%
1986 Round of 32 UAB
50%
1987 Round of 64 UAB
50%
1990 Round of 64 UAB
50%
1994 Round of 64 UAB
50%
1999 Round of 64 UAB
50%
2004 Sweet Sixteen UAB
50%
2005 Round of 32 UAB
50%
2006 Round of 64 UAB
50%
2011 First Four UAB
50%
2015 Round of 32 UAB
50%
2022 Round of 64 UAB
50%
2024 Round of 64 UAB
50%
2025 Round of 64 UC San Diego
50%
1988 Round of 64 UC Santa Barbara
50%
1990 Round of 32 UC Santa Barbara
50%
2002 Round of 64 UC Santa Barbara
50%
2010 Round of 64 UC Santa Barbara
50%
2011 Round of 64 UC Santa Barbara
50%
2021 Round of 64 UC Santa Barbara
50%
2008 Round of 64 UMBC
50%
2018 Round of 32 UMBC
50%
2026 First Four UMBC
50%
1977 Fourth UNC Charlotte
50%
1995 Round of 64 UNC Charlotte
50%
1996 Round of 64 UNC Greensboro
50%
2001 Round of 64 UNC Greensboro
50%
2018 Round of 64 UNC Greensboro
50%
2021 Round of 64 UNC Greensboro
50%
1975 Sweet Sixteen UNLV
50%
1977 Third UNLV
50%
1983 Round of 32 UNLV
50%
1984 Sweet Sixteen UNLV
50%
1985 Round of 32 UNLV
50%
1986 Sweet Sixteen UNLV
50%
1987 National Semifinals UNLV
50%
1988 Round of 32 UNLV
50%
1989 Elite Eight UNLV
50%
1990 First UNLV
50%
1991 National Semifinals UNLV
50%
1998 Round of 64 UNLV
50%
2000 Round of 64 UNLV
50%
2007 Sweet Sixteen UNLV
50%
2008 Round of 32 UNLV
50%
2010 Round of 64 UNLV
50%
2011 Round of 64 UNLV
50%
2012 Round of 64 UNLV
50%
2013 Round of 64 UNLV
50%
1944 First Utah
50%
1945 Semifinals Utah
50%
1955 Sweet Sixteen Utah
50%
1956 Elite Eight Utah
50%
1959 Sweet Sixteen Utah
50%
1960 Sweet Sixteen Utah
50%
1961 Fourth Utah
50%
1966 Fourth Utah
50%
1977 Sweet Sixteen Utah
50%
1978 Sweet Sixteen Utah
50%
1979 Round of 64 Utah
50%
1981 Sweet Sixteen Utah
50%
1983 Sweet Sixteen Utah
50%
1986 Round of 64 Utah
50%
1991 Sweet Sixteen Utah
50%
1993 Round of 32 Utah
50%
1995 Round of 32 Utah
50%
1996 Sweet Sixteen Utah
50%
1997 Elite Eight Utah
50%
1998 Second Utah
50%
1999 Round of 32 Utah
50%
2000 Round of 32 Utah
50%
2002 Round of 64 Utah
50%
2003 Round of 32 Utah
50%
2004 Round of 64 Utah
50%
2005 Sweet Sixteen Utah
50%
2009 Round of 64 Utah
50%
2015 Sweet Sixteen Utah
50%
2016 Round of 32 Utah
50%
1939 Semifinals Utah State
50%
1962 Sweet Sixteen Utah State
50%
1963 First Round Utah State
50%
1964 Sweet Sixteen Utah State
50%
1970 Elite Eight Utah State
50%
1971 First Round Utah State
50%
1979 Round of 64 Utah State
50%
1980 Round of 64 Utah State
50%
1983 Round of 64 Utah State
50%
1988 Round of 64 Utah State
50%
1998 Round of 64 Utah State
50%
2000 Round of 64 Utah State
50%
2001 Round of 32 Utah State
50%
2003 Round of 64 Utah State
50%
2005 Round of 64 Utah State
50%
2006 Round of 64 Utah State
50%
2009 Round of 64 Utah State
50%
2010 Round of 64 Utah State
50%
2011 Round of 64 Utah State
50%
2019 Round of 64 Utah State
50%
2021 Round of 64 Utah State
50%
2023 Round of 64 Utah State
50%
2024 Round of 32 Utah State
50%
2025 Round of 64 Utah State
50%
2026 Round of 32 Utah State
50%
2008 Round of 64 UT-Arlington
50%
1970 First Round UTEP
50%
1975 Round of 32 UTEP
50%
1984 Round of 32 UTEP
50%
1985 Round of 32 UTEP
50%
1986 Round of 64 UTEP
50%
1987 Round of 32 UTEP
50%
1988 Round of 64 UTEP
50%
1989 Round of 32 UTEP
50%
1990 Round of 64 UTEP
50%
1992 Sweet Sixteen UTEP
50%
2004 Round of 64 UTEP
50%
2005 Round of 64 UTEP
50%
2010 Round of 64 UTEP
50%
1988 Round of 64 UTSA
50%
1999 Round of 64 UTSA
50%
2004 Round of 64 UTSA
50%
2011 Round of 64 UTSA
50%
2003 Round of 64 Vermont
50%
2004 Round of 64 Vermont
50%
2005 Round of 32 Vermont
50%
2010 Round of 64 Vermont
50%
2012 Round of 64 Vermont
50%
2017 Round of 64 Vermont
50%
2019 Round of 64 Vermont
50%
2022 Round of 64 Vermont
50%
2023 Round of 64 Vermont
50%
2024 Round of 64 Vermont
50%
2003 Round of 64 Wagner
50%
2024 Round of 64 Wagner
50%
1939 Semifinals Wake Forest
50%
1953 Sweet Sixteen Wake Forest
50%
1961 Elite Eight Wake Forest
50%
1962 Third Wake Forest
50%
1977 Elite Eight Wake Forest
50%
1981 Round of 32 Wake Forest
50%
1982 Round of 32 Wake Forest
50%
1984 Elite Eight Wake Forest
50%
1991 Round of 32 Wake Forest
50%
1992 Round of 64 Wake Forest
50%
1993 Sweet Sixteen Wake Forest
50%
1994 Round of 32 Wake Forest
50%
1995 Sweet Sixteen Wake Forest
50%
1996 Elite Eight Wake Forest
50%
1997 Round of 64 Wake Forest
50%
2001 Round of 64 Wake forest
50%
2002 Round of 32 Wake Forest
50%
2003 Round of 32 Wake Forest
50%
2004 Sweet Sixteen Wake Forest
50%
2005 Round of 32 Wake Forest
50%
2009 Round of 64 Wake Forest
50%
2010 Round of 32 Wake Forest
50%
2017 First Four Wake Forest
50%
1940 Semifinals Western Kentucky
50%
1960 Sweet Sixteen Western Kentucky
50%
1962 Sweet Sixteen Western Kentucky
50%
1966 Sweet Sixteen Western Kentucky
50%
1967 First Round Western Kentucky
50%
1970 First Round Western Kentucky
50%
1971 Third Western Kentucky
50%
1976 Round of 32 Western Kentucky
50%
1978 Sweet Sixteen Western Kentucky
50%
1980 Round of 64 Western Kentucky
50%
1981 Round of 64 Western Kentucky
50%
1986 Round of 32 Western Kentucky
50%
1987 Round of 32 Western Kentucky
50%
1993 Sweet Sixteen Western Kentucky
50%
1994 Round of 64 Western Kentucky
50%
1995 Round of 32 Western Kentucky
50%
2001 Round of 64 Western Kentucky
50%
2002 Round of 64 Western Kentucky
50%
2003 Round of 64 Western Kentucky
50%
2008 Sweet Sixteen Western Kentucky
50%
2009 Round of 32 Western Kentucky
50%
2012 Round of 64 Western Kentucky
50%
2013 Round of 64 Western Kentucky
50%
2024 Round of 64 Western Kentucky
50%
1976 Sweet Sixteen Western Michigan
50%
1998 Round of 32 Western Michigan
50%
2004 Round of 64 Western Michigan
50%
2014 Round of 64 Western Michigan
50%
1955 First Round West Texas State
50%
1964 Elite Eight Wichita State
50%
1965 Fourth Wichita State
50%
1976 Round of 32 Wichita State
50%
1981 Elite Eight Wichita State
50%
1985 Round of 64 Wichita State
50%
1987 Round of 64 Wichita State
50%
1988 Round of 64 Wichita State
50%
2006 Sweet Sixteen Wichita State
50%
2012 Round of 64 Wichita State
50%
2013 National Semifinals Wichita State
50%
2014 Round of 32 Wichita State
50%
2015 Sweet Sixteen Wichita State
50%
2016 Round of 32 Wichita State
50%
2017 Round of 32 Wichita State
50%
2018 First Four Wichita State
50%
2021 First Four Wichita State
50%
1999 Round of 64 Winthrop
50%
2000 Round of 64 Winthrop
50%
2002 Round of 64 Winthrop
50%
2005 Round of 64 Winthrop
50%
2006 Round of 64 Winthrop
50%
2007 Round of 32 Winthrop
50%
2008 Round of 64 Winthrop
50%
2010 Opening Round Winthrop
50%
2017 Round of 64 Winthrop
50%
2021 Round of 64 Winthrop
50%
1991 Round of 64 Wisconsin-Green Bay
50%
1994 Round of 32 Wisconsin-Green Bay
50%
1995 Round of 64 Wisconsin-Green Bay
50%
1996 Round of 64 Wisconsin-Green Bay
50%
2003 Round of 64 Wisconsin-Milwaukee
50%
2005 Sweet Sixteen Wisconsin-Milwaukee
50%
2006 Round of 32 Wisconsin-Milwaukee
50%
1993 Round of 64 Wright State
50%
2007 Opening Round Wright State
50%
2018 First Four Wright State
50%
2022 First Four Wright State
50%
2026 Round of 64 Wright State
50%
1941 Semifinals Wyoming
50%
1943 First Wyoming
50%
1947 Semifinals Wyoming
50%
1948 Semifinals Wyoming
50%
1949 Semifinals Wyoming
50%
1952 Semifinals Wyoming
50%
1953 Sweet Sixteen Wyoming
50%
1958 First Round Wyoming
50%
1967 Sweet Sixteen Wyoming
50%
1981 Round of 32 Wyoming
50%
1982 Round of 32 Wyoming
50%
1987 Sweet Sixteen Wyoming
50%
1988 Round of 64 Wyoming
50%
2002 Round of 32 Wyoming
50%
2015 Round of 64 Wyoming
50%
2022 First Four Wyoming
50%
2019 Round of 64 Abilene Christian
25%
2021 Round of 32 Abilene Christian
25%
2005 Opening Round Alabama A&M
25%
2006 Round of 64 Albany
25%
2007 Round of 64 Albany
25%
2013 Round of 64 Albany
25%
2014 Round of 64 Albany
25%
2015 Round of 64 Albany
25%
1979 Round of 32 Appalachian State
25%
2000 Round of 64 Appalachian State
25%
2021 First Four Appalachian State
25%
2010 Round of 64 Arkansas-Pine Bluff
25%
1973 Sweet Sixteen Austin Peay
25%
1974 First Round Austin Peay
25%
1987 Round of 32 Austin Peay
25%
1996 Round of 64 Austin Peay
25%
2003 Round of 64 Austin Peay
25%
2008 Round of 64 Austin Peay
25%
2016 Round of 64 Austin Peay
25%
1981 Round of 64 Ball State
25%
1986 Round of 64 Ball State
25%
1989 Round of 32 Ball State
25%
1990 Sweet Sixteen Ball State
25%
1993 Round of 64 Ball State
25%
1995 Round of 64 Ball State
25%
2000 Round of 64 Ball State
25%
2009 Round of 64 Binghamton
25%
1950 Runner-Up Bradley
25%
1954 Runner-Up Bradley
25%
1955 Elite Eight Bradley
25%
1980 Round of 64 Bradley
25%
1986 Round of 32 Bradley
25%
1988 Round of 64 Bradley
25%
1996 Round of 64 Bradley
25%
2006 Sweet Sixteen Bradley
25%
2019 Round of 64 Bradley
25%
1987 Round of 64 Bucknell
25%
1989 Round of 64 Bucknell
25%
2005 Round of 32 Bucknell
25%
2006 Round of 32 Bucknell
25%
2011 Round of 64 Bucknell
25%
2013 Round of 64 Bucknell
25%
2017 Round of 64 Bucknell
25%
2018 Round of 64 Bucknell
25%
2026 Round of 64 California Baptist
25%
2017 Round of 64 California-Davis
25%
2014 Round of 64 California Polytechnic
25%
2018 Round of 64 California State-Fullerton
25%
1992 Round of 64 Campbell
25%
1955 Elite Eight Canisius
25%
1956 Elite Eight Canisius
25%
1957 Sweet Sixteen Canisius
25%
1996 Round of 64 Canisius
25%
1947 Fourth CCNY
25%
1950 First CCNY
25%
1994 Round of 64 Central Florida
25%
1996 Round of 64 Central Florida
25%
2004 Round of 64 Central Florida
25%
2005 Round of 64 Central Florida
25%
2019 Round of 32 Central Florida
25%
2026 Round of 64 Central Florida
25%
1975 Sweet Sixteen Central Michigan
25%
1977 Round of 32 Central Michigan
25%
1987 Round of 64 Central Michigan
25%
2003 Round of 32 Central Michigan
25%
1997 Round of 32 Charleston Southern
25%
1991 Round of 64 Coastal Carolina
25%
1993 Round of 64 Coastal Carolina
25%
2014 Round of 64 Coastal Carolina
25%
2015 Round of 64 Coastal Carolina
25%
1995 Round of 64 Colgate
25%
1996 Round of 64 Colgate
25%
2019 Round of 64 Colgate
25%
2021 Round of 64 Colgate
25%
2022 Round of 64 Colgate
25%
2023 Round of 64 Colgate
25%
2024 Round of 64 Colgate
25%
2026 Second Connecticut
25%
1990 Round of 64 Coppin State
25%
1993 Round of 64 Coppin State
25%
1997 Round of 32 Coppin State
25%
2008 Opening Round Coppin State
25%
2016 Round of 64 CSU Bakersfield
25%
1978 Elite Eight CSU Fullerton
25%
2008 Round of 64 CSU Fullerton
25%
2022 Round of 64 CSU Fullerton
25%
1952 Round of 64 Dayton
25%
1965 Sweet Sixteen Dayton
25%
1966 Sweet Sixteen Dayton
25%
1967 Runner-Up Dayton
25%
1969 First Round Dayton
25%
1970 First Round Dayton
25%
1974 Sweet Sixteen Dayton
25%
1984 Elite Eight Dayton
25%
1985 Round of 64 Dayton
25%
1990 Round of 32 Dayton
25%
2000 Round of 64 Dayton
25%
2003 Round of 64 Dayton
25%
2004 Round of 64 Dayton
25%
2009 Round of 32 Dayton
25%
2014 Elite Eight Dayton
25%
2015 Round of 32 Dayton
25%
2016 Round of 64 Dayton
25%
2017 Round of 64 Dayton
25%
2024 Round of 32 Dayton
25%
1999 Round of 32 Detroit Mercy
25%
1986 Round of 64 Drexel
25%
1994 Round of 64 Drexel
25%
1995 Round of 64 Drexel
25%
1996 Round of 32 Drexel
25%
2021 Round of 64 Drexel
25%
1940 Final Four Duquesne
25%
1952 Semifinals Duquesne
25%
1969 Sweet Sixteen Duquesne
25%
1971 First Round Duquesne
25%
1977 Round of 32 Duquesne
25%
2024 Round of 32 Duquesne
25%
1972 First Round East Carolina
25%
1993 Round of 64 East Carolina
25%
1992 Round of 64 Eastern Illinois
25%
2001 Round of 64 Eastern Illinois
25%
1982 Round of 64 Evansville
25%
1989 Round of 32 Evansville
25%
1992 Round of 64 Evansville
25%
1993 Round of 64 Evansville
25%
1999 Round of 64 Evansville
25%
1986 Round of 64 Fairfield
25%
1987 Round of 64 Fairfield
25%
1997 Round of 32 Fairfield
25%
1999 Round of 64 Florida A&M
25%
2004 Round of 64 Florida A&M
25%
2007 Round of 64 Florida A&M
25%
1995 Round of 64 Florida International
25%
1953 First Round Fordham
25%
1954 First Round Fordham
25%
1971 Sweet Sixteen Fordham
25%
1971 Sweet Sixteen Fordham
25%
1992 Round of 64 Fordham
25%
1981 Round of 64 Fresno State
25%
1982 Sweet Sixteen Fresno State
25%
1984 Round of 64 Fresno State
25%
2000 Round of 64 Fresno State
25%
2001 Round of 32 Fresno State
25%
2016 Round of 64 Fresno State
25%
1971 First Round Furman
25%
1974 Sweet Sixteen Furman
25%
1975 Round of 32 Furman
25%
1978 Round of 32 Furman
25%
1980 Round of 64 Furman
25%
2023 Round of 32 Furman
25%
2026 Round of 64 Furman
25%
2019 Round of 64 Gardner-Webb
25%
1989 Round of 64 George Mason
25%
1999 Round of 64 George Mason
25%
2001 Round of 64 George Mason
25%
2006 National Semifinals George Mason
25%
2008 Round of 64 George Mason
25%
2011 Round of 32 George Mason
25%
1983 Preliminary Round Georgia Southern
25%
1987 Round of 64 Georgia Southern
25%
1992 Round of 64 Georgia Southern
25%
2001 Round of 32 Hampton
25%
2002 Round of 64 Hampton
25%
2006 Opening Round Hampton
25%
2011 Round of 64 Hampton
25%
2015 Round of 64 Hampton
25%
2016 Round of 64 Hampton
25%
1972 First Round Hawaii
25%
1994 Round of 64 Hawaii
25%
2001 Round of 64 Hawaii
25%
2002 Round of 64 Hawaii
25%
2016 Round of 32 Hawaii
25%
2026 Round of 64 Hawai'i
25%
2025 Round of 64 High Point
25%
2026 Round of 32 High Point
25%
2000 Round of 64 Hofstra
25%
2001 Round of 64 Hofstra
25%
2026 Round of 64 Hofstra
25%
1984 Preliminary Round Houston Baptist
25%
1983 Round of 64 Illinois State
25%
1984 Round of 32 Illinois State
25%
1985 Round of 32 Illinois State
25%
1990 Round of 64 Illinois State
25%
1997 Round of 32 Illinois State
25%
2003 Round of 64 Indiana-Purdue Indianapolis
25%
1979 Runner-Up Indiana State
25%
1998 Round of 32 Indiana State
25%
2000 Round of 64 Indiana State
25%
2001 Round of 32 Indiana State
25%
2011 Round of 64 Indiana State
25%
1979 Round of 64 Iona
25%
1980 Round of 32 Iona
25%
1984 Round of 64 Iona
25%
1985 Round of 64 Iona
25%
1998 Round of 64 Iona
25%
2000 Round of 64 Iona
25%
2001 Round of 64 Iona
25%
2006 Round of 64 Iona
25%
2012 First Four Iona
25%
2013 Round of 64 Iona
25%
2016 Round of 64 Iona
25%
2017 Round of 64 Iona
25%
2018 Round of 64 Iona
25%
2019 Round of 64 Iona
25%
2021 Round of 64 Iona
25%
2023 Round of 64 Iona
25%
1981 Round of 32 James Madison
25%
2023 Round of 64 Kennesaw State
25%
2026 Round of 64 Kennesaw State
25%
1979 Round of 32 Lamar
25%
1980 Sweet Sixteen Lamar
25%
1981 Round of 32 Lamar
25%
1983 Round of 32 Lamar
25%
2000 Round of 64 Lamar
25%
2012 First Four Lamar
25%
1994 Round of 64 Liberty
25%
2004 Round of 64 Liberty
25%
2013 First Four Liberty
25%
2019 Round of 32 Liberty
25%
2021 Round of 64 Liberty
25%
2025 Round of 64 Liberty
25%
2018 Round of 64 Lipscomb
25%
2025 Round of 64 Lipscomb
25%
2024 Round of 64 Long Beach State
25%
1984 Round of 32 Louisiana Tech
25%
1985 Sweet Sixteen Louisiana Tech
25%
1987 Round of 64 Louisiana Tech
25%
1989 Round of 32 Louisiana Tech
25%
1991 Round of 64 Louisiana Tech
25%
1986 Round of 64 Marist
25%
1987 Round of 64 Marist
25%
2024 Round of 64 McNeese
25%
2025 Round of 32 McNeese
25%
2026 Round of 64 McNeese
25%
1981 Round of 64 Mercer
25%
1985 Round of 64 Mercer
25%
2014 Round of 32 Mercer
25%
1975 Round of 32 Middle Tennessee
25%
2013 First Four Middle Tennessee
25%
2016 Round of 32 Middle Tennessee
25%
2017 Round of 32 Middle Tennessee
25%
1977 Round of 32 Middle Tennessee State
25%
1982 Round of 32 Middle Tennessee State
25%
1985 Round of 64 Middle Tennessee State
25%
1987 Round of 64 Middle Tennessee State
25%
1989 Round of 32 Middle Tennessee State
25%
1986 Round of 64 Mississippi Valley State
25%
1992 Round of 64 Mississippi Valley State
25%
1996 Round of 64 Mississippi Valley State
25%
2008 Round of 64 Mississippi Valley State
25%
2012 First Four Mississippi Valley State
25%
1996 Round of 64 Monmouth
25%
2001 Round of 64 Monmouth
25%
2004 Round of 64 Monmouth
25%
2006 Round of 64 Monmouth
25%
2009 Round of 64 Morgan State
25%
2010 Round of 64 Morgan State
25%
1970 Sweet Sixteen Niagara
25%
2005 Round of 64 Niagara
25%
2007 Round of 64 Niagara
25%
1995 Round of 64 Nicholls State
25%
1998 Round of 64 Nicholls State
25%
1941 Semifinals North Carolina
25%
1946 Runner-Up North Carolina
25%
1957 First North Carolina
25%
1959 First Round North Carolina
25%
1967 Fourth North Carolina
25%
1968 Runner-Up North Carolina
25%
1969 Fourth North Carolina
25%
1972 Third North Carolina
25%
1975 Sweet Sixteen North Carolina
25%
1976 Round of 32 North Carolina
25%
1977 Runner-Up North Carolina
25%
1978 Round of 32 North Carolina
25%
1979 Round of 32 North Carolina
25%
1982 Round of 64 North Carolina A&T
25%
1983 Preliminary Round North Carolina A&T
25%
1984 Preliminary Round North Carolina A&T
25%
1985 Round of 64 North Carolina A&T
25%
1986 Round of 64 North Carolina A&T
25%
1987 Round of 64 North Carolina A&T
25%
1988 Round of 64 North Carolina A&T
25%
1994 Round of 64 North Carolina A&T
25%
1995 Round of 64 North Carolina A&T
25%
2013 Round of 64 North Carolina A&T
25%
2014 Round of 64 North Carolina Central
25%
2017 First Four North Carolina Central
25%
2018 Round of 64 North Carolina Central
25%
2019 First Four North Carolina Central
25%
1981 Round of 32 Northeastern
25%
1982 Round of 32 Northeastern
25%
1984 Round of 64 Northeastern
25%
1985 Round of 64 Northeastern
25%
1986 Round of 64 Northeastern
25%
1987 Round of 64 Northeastern
25%
1991 Round of 64 Northeastern
25%
2015 Round of 64 Northeastern
25%
2019 Round of 64 Northeastern
25%
1998 Round of 64 Northern Arizona
25%
2000 Round of 64 Northern Arizona
25%
2011 Round of 64 Northern Colorado
25%
1982 Round of 64 Northern Illinois
25%
1991 Round of 64 Northern Illinois
25%
1996 Round of 64 Northern Illinois
25%
2015 First Four North Florida
25%
2007 Round of 64 North Texas
25%
2010 Round of 64 North Texas
25%
2021 Round of 32 North Texas
25%
1988 Round of 64 North Texas State
25%
2001 Round of 64 Northwestern State
25%
2006 Round of 32 Northwestern State
25%
2013 Round of 64 Northwestern State
25%
2015 Round of 64 Ole Miss
25%
1966 Sweet Sixteen Pacific
25%
1967 Elite Eight Pacific
25%
1971 Sweet Sixteen Pacific
25%
1979 Round of 32 Pacific
25%
1997 Round of 64 Pacific
25%
2004 Round of 32 Pacific
25%
2005 Round of 32 Pacific
25%
2006 Round of 64 Pacific
25%
2013 Round of 64 Pacific
25%
2008 Round of 64 Portland State
25%
2009 Round of 64 Portland State
25%
1998 Round of 64 Prairie View A&M
25%
2019 First Four Prairie View A&M
25%
2026 Round of 64 Prairie View A&M
25%
2026 Round of 64 Queens
25%
1998 Round of 64 Radford
25%
2009 Round of 64 Radford
25%
2018 Round of 64 Radford
25%
1940 Semifinals Rice
25%
1942 Semifinals Rice
25%
1954 Sweet Sixteen Rice
25%
1970 First Round Rice
25%
1984 Preliminary Round Rider
25%
1993 Round of 64 Rider
25%
1994 Round of 64 Rider
25%
1982 Round of 64 Robert Morris
25%
1983 Round of 64 Robert Morris
25%
1989 Round of 64 Robert Morris
25%
1990 Round of 64 Robert Morris
25%
1992 Round of 64 Robert Morris
25%
2009 Round of 64 Robert Morris
25%
2010 Round of 64 Robert Morris
25%
2015 Round of 64 Robert Morris
25%
2025 Round of 64 Robert Morris
25%
1991 Round of 64 Saint Francis
25%
2025 First Four Saint Francis
25%
1959 Sweet Sixteen Saint Joseph's
25%
1960 Sweet Sixteen Saint Joseph's
25%
1961 Third Saint Joseph's
25%
1962 Sweet Sixteen Saint Joseph's
25%
1963 Elite Eight Saint Joseph's
25%
1966 Sweet Sixteen Saint Joseph's
25%
1969 First Round Saint Joseph's
25%
1971 First Round Saint Joseph's
25%
1973 First Round Saint Joseph's
25%
1974 First Round Saint Joseph's
25%
1981 Elite Eight Saint Joseph's
25%
1982 Round of 64 Saint Joseph's
25%
1986 Round of 32 Saint Joseph's
25%
1997 Sweet Sixteen Saint Joseph's
25%
2001 Round of 32 Saint Joseph's
25%
2003 Round of 64 Saint Joseph's
25%
2004 Elite Eight Saint Joseph's
25%
2008 Round of 64 Saint Joseph's
25%
2014 Round of 64 Saint Joseph's
25%
2016 Round of 32 Saint Joseph's
25%
2008 Round of 64 Saint Mary's (CA)
25%
1999 Round of 64 Samford
25%
2000 Round of 64 Samford
25%
2024 Round of 64 Samford
25%
2003 Round of 64 Sam Houston State
25%
2010 Round of 64 Sam Houston State
25%
1951 Sweet Sixteen San Jose State
25%
1980 Round of 64 San Jose State
25%
1996 Round of 64 San Jose State
25%
1952 Fourth Santa Clara
25%
1953 Elite Eight Santa Clara
25%
1954 Elite Eight Santa Clara
25%
1960 Sweet Sixteen Santa Clara
25%
1968 Elite Eight Santa Clara
25%
1969 Elite Eight Santa Clara
25%
1970 Sweet Sixteen Santa Clara
25%
1987 Round of 64 Santa Clara
25%
1993 Round of 32 Santa Clara
25%
1995 Round of 64 Santa Clara
25%
1996 Round of 32 Santa Clara
25%
2026 Round of 64 Santa Clara
25%
2025 Round of 64 SIU Edwardsville
25%
1979 Round of 32 South Alabama
25%
1980 Round of 64 South Alabama
25%
1989 Round of 32 South Alabama
25%
1991 Round of 64 South Alabama
25%
1997 Round of 64 South Alabama
25%
1998 Round of 64 South Alabama
25%
2006 Round of 64 South Alabama
25%
2008 Round of 64 South Alabama
25%
1989 Round of 64 South Carolina State
25%
1996 Round of 64 South Carolina State
25%
1998 Round of 64 South Carolina State
25%
2000 Round of 64 South Carolina State
25%
2003 Round of 64 South Carolina State
25%
2005 Round of 64 Southeastern Louisiana
25%
2000 Round of 64 Southeast Missouri State
25%
2023 First Four Southeast Missouri State
25%
1977 Sweet Sixteen Southern Illinois
25%
1993 Round of 64 Southern Illinois
25%
1994 Round of 64 Southern Illinois
25%
1995 Round of 64 Southern Illinois
25%
2002 Sweet Sixteen Southern Illinois
25%
2003 Round of 64 Southern Illinois
25%
2004 Round of 64 Southern Illinois
25%
2005 Round of 32 Southern Illinois
25%
2006 Round of 64 Southern Illinois
25%
2007 Sweet Sixteen Southern Illinois
25%
2001 Round of 64 Southern Utah
25%
1990 Round of 64 South Florida
25%
1992 Round of 64 South Florida
25%
2012 Round of 32 South Florida
25%
2026 Round of 64 South Florida
25%
1994 Round of 64 Southwest Texas State
25%
1997 Round of 64 Southwest Texas State
25%
2024 Round of 64 Stetson
25%
2016 Round of 64 Stony Brook
25%
1958 First Round Tennessee Tech
25%
1963 First Round Tennessee Tech
25%
1990 Round of 64 Texas Southern
25%
1994 Round of 64 Texas Southern
25%
1995 Round of 64 Texas Southern
25%
2003 Opening Round Texas Southern
25%
2014 First Four Texas Southern
25%
2015 Round of 64 Texas Southern
25%
2017 Round of 64 Texas Southern
25%
2018 Round of 64 Texas Southern
25%
2021 Round of 64 Texas Southern
25%
2022 Round of 64 Texas Southern
25%
2023 First Four Texas Southern
25%
2015 Round of 64 UC Irvine
25%
2019 Round of 32 UC Irvine
25%
1996 Round of 64 Valparaiso
25%
1997 Round of 64 Valparaiso
25%
1998 Sweet Sixteen Valparaiso
25%
1999 Round of 64 Valparaiso
25%
2000 Round of 64 Valparaiso
25%
2002 Round of 64 Valparaiso
25%
2004 Round of 64 Valparaiso
25%
2013 Round of 64 Valparaiso
25%
2015 Round of 64 Valparaiso
25%
1980 Round of 64 VCU
25%
1981 Round of 32 VCU
25%
1983 Round of 32 VCU
25%
1984 Round of 32 VCU
25%
1985 Round of 32 VCU
25%
1996 Round of 64 VCU
25%
2004 Round of 64 VCU
25%
2007 Round of 32 VCU
25%
2009 Round of 64 VCU
25%
2011 National Semifinals VCU
25%
2012 Round of 32 VCU
25%
2013 Round of 32 VCU
25%
2014 Round of 64 VCU
25%
2015 Round of 64 VCU
25%
2016 Round of 32 VCU
25%
2017 Round of 64 VCU
25%
2019 Round of 64 VCU
25%
2021 Round of 64 VCU
25%
2023 Round of 64 VCU
25%
2025 Round of 64 VCU
25%
2026 Round of 32 VCU
25%
1964 First Round VMI
25%
1976 Elite Eight VMI
25%
1977 Sweet Sixteen VMI
25%
1968 First Round Weber State
25%
1969 Sweet Sixteen Weber State
25%
1970 First Round Weber State
25%
1971 First Round Weber State
25%
1972 Sweet Sixteen Weber State
25%
1973 First Round Weber State
25%
1978 Round of 32 Weber State
25%
1979 Round of 32 Weber State
25%
1980 Round of 64 Weber State
25%
1983 Round of 64 Weber State
25%
1995 Round of 32 Weber State
25%
1999 Round of 32 Weber State
25%
2003 Round of 64 Weber State
25%
2007 Round of 64 Weber State
25%
2014 Round of 64 Weber State
25%
2016 Round of 64 Weber State
25%
1996 Round of 64 Western Carolina
25%
2010 Round of 64 Wofford
25%
2011 Round of 64 Wofford
25%
2014 Round of 64 Wofford
25%
2015 Round of 64 Wofford
25%
2019 Round of 32 Wofford
25%
2025 Round of 64 Wofford
25%
2019 National Semifinals Auburun
0%
1944 Semifinals Catholic
0%
1954 Sweet Sixteen Colorado A&M
0%
1988 Round of 64 Cornell
0%
1959 Sweet Sixteen DePauk
0%
1953 First Round Hardin-Simmons
0%
1957 First Round Hardin-Simmons
0%
2021 Round of 64 Hartford
0%
1976 Round of 32 Hofshtra
0%
1977 Round of 32 Hofshtra
0%
1953 Sweet Sixteen Lebanon Valley
0%
1989 Round of 64 McNeese State
0%
2002 Round of 64 McNeese State
0%
2005 Round of 32 Missisippi State
0%
1952 Round of 64 New Mexico A&M
0%
1943 Semifinals New York
0%
1945 Runner-Up New York
0%
1946 Semifinals New York
0%
1960 Fourth New York
0%
1962 Sweet Sixteen New York
0%
1963 Sweet Sixteen New York
0%
2015 Round of 64 North Dakota State
0%
2019 Round of 64 North Dakota State
0%
2026 Round of 64 North Dakota State
0%
1982 Round of 64 Northeast Louisiana
0%
1986 Round of 64 Northeast Louisiana
0%
1991 Round of 64 Northeast Louisiana
0%
1992 Round of 64 Northeast Louisiana
0%
1993 Round of 64 Northeast Louisiana
0%
1996 Round of 64 Northeast Louisiana
0%
1990 Round of 64 Northeast Lousiana
0%
1952 Round of 64 Oklahoma City
0%
1953 First Round Oklahoma City
0%
1954 First Round Oklahoma City
0%
1955 First Round Oklahoma City
0%
1956 Elite Eight Oklahoma City
0%
1957 Elite Eight Oklahoma City
0%
1963 Sweet Sixteen Oklahoma City
0%
1964 First Round Oklahoma City
0%
1965 Sweet Sixteen Oklahoma City
0%
1966 First Round Oklahoma City
0%
1973 First Round Oklahoma City
0%
1996 Round of 32 Priceton
0%
1972 Sweet Sixteen Southwestern Louisiana
0%
1973 Sweet Sixteen Southwestern Louisiana
0%
1982 Round of 64 Southwest Louisiana
0%
1983 Round of 64 Southwest Louisiana
0%
1994 Round of 64 Southwest Louisiana
0%
1992 Round of 32 Southwest Lousiana
0%
1987 Round of 32 Southwest Missouri State
0%
1940 Semifinals Springfield
0%
2026 Round of 64 Tennessee State
0%
1969 First Round Trinity
0%
1945 Semifinals Tufts
0%
1975 Round of 32 Utah State
0%
1956 Sweet Sixteen Wayne State
0%
1955 First Round Williams
0%
No matching quizzes found
Score Distribution
Percent of People with Each Score
Percentile by Number Answered
Your Score History
You have not taken this quiz since the last reset